Postnummer - Hele landet - Statistics

General Stats
  • This quiz has been taken 3 times
  • The average score is 334 of 5137
Answer Stats
Hint Answer % Correct
0001 OSLO
100%
0010 OSLO
100%
0015 OSLO
100%
0018 OSLO
100%
0021 OSLO
100%
0024 OSLO
100%
0026 OSLO
100%
0028 OSLO
100%
0030 OSLO
100%
0032 OSLO
100%
0033 OSLO
100%
0034 OSLO
100%
0037 OSLO
100%
0040 OSLO
100%
0045 OSLO
100%
0046 OSLO
100%
0047 OSLO
100%
0048 OSLO
100%
0050 OSLO
100%
0055 OSLO
100%
0101 OSLO
100%
0102 OSLO
100%
0103 OSLO
100%
0104 OSLO
100%
0105 OSLO
100%
0106 OSLO
100%
0107 OSLO
100%
0109 OSLO
100%
0110 OSLO
100%
0111 OSLO
100%
0112 OSLO
100%
0113 OSLO
100%
0114 OSLO
100%
0115 OSLO
50%
0116 OSLO
50%
0117 OSLO
50%
0118 OSLO
50%
0119 OSLO
50%
0120 OSLO
50%
0121 OSLO
50%
0122 OSLO
50%
0123 OSLO
50%
0124 OSLO
50%
0125 OSLO
50%
0128 OSLO
50%
0129 OSLO
50%
0130 OSLO
50%
0131 OSLO
50%
0132 OSLO
50%
0133 OSLO
50%
0134 OSLO
50%
0135 OSLO
50%
0136 OSLO
50%
0138 OSLO
50%
0139 OSLO
50%
0140 OSLO
50%
0150 OSLO
50%
0151 OSLO
50%
0152 OSLO
50%
0153 OSLO
50%
0154 OSLO
50%
0155 OSLO
50%
0157 OSLO
50%
0158 OSLO
50%
0159 OSLO
50%
0160 OSLO
50%
0161 OSLO
50%
0162 OSLO
50%
0164 OSLO
50%
0165 OSLO
50%
0166 OSLO
50%
0167 OSLO
50%
0168 OSLO
50%
0169 OSLO
50%
0170 OSLO
50%
0171 OSLO
50%
0172 OSLO
50%
0173 OSLO
50%
0174 OSLO
50%
0175 OSLO
50%
0176 OSLO
50%
0177 OSLO
50%
0178 OSLO
50%
0179 OSLO
50%
0180 OSLO
50%
0181 OSLO
50%
0182 OSLO
50%
0183 OSLO
50%
0184 OSLO
50%
0185 OSLO
50%
0186 OSLO
50%
0187 OSLO
50%
0188 OSLO
50%
0190 OSLO
50%
0191 OSLO
50%
0192 OSLO
50%
0193 OSLO
50%
0194 OSLO
50%
0195 OSLO
50%
0196 OSLO
50%
0198 OSLO
50%
0201 OSLO
50%
0202 OSLO
50%
0203 OSLO
50%
0204 OSLO
50%
0207 OSLO
50%
0208 OSLO
50%
0211 OSLO
50%
0212 OSLO
50%
0213 OSLO
50%
0214 OSLO
50%
0215 OSLO
50%
0216 OSLO
50%
0217 OSLO
50%
0218 OSLO
50%
0230 OSLO
50%
0240 OSLO
50%
0244 OSLO
50%
0247 OSLO
50%
0250 OSLO
50%
0251 OSLO
50%
0252 OSLO
50%
0253 OSLO
50%
0254 OSLO
50%
0255 OSLO
50%
0256 OSLO
50%
0257 OSLO
50%
0258 OSLO
50%
0259 OSLO
50%
0260 OSLO
50%
0262 OSLO
50%
0263 OSLO
50%
0264 OSLO
50%
0265 OSLO
50%
0266 OSLO
50%
0267 OSLO
50%
0268 OSLO
50%
0270 OSLO
50%
0271 OSLO
50%
0272 OSLO
50%
0273 OSLO
50%
0274 OSLO
50%
0275 OSLO
50%
0276 OSLO
50%
0277 OSLO
50%
0278 OSLO
50%
0279 OSLO
50%
0280 OSLO
50%
0281 OSLO
50%
0282 OSLO
50%
0283 OSLO
50%
0284 OSLO
50%
0286 OSLO
50%
0287 OSLO
50%
0301 OSLO
50%
0302 OSLO
50%
0303 OSLO
50%
0304 OSLO
50%
0305 OSLO
50%
0306 OSLO
50%
0307 OSLO
50%
0308 OSLO
50%
0309 OSLO
50%
0311 OSLO
50%
0313 OSLO
50%
0314 OSLO
50%
0315 OSLO
50%
0316 OSLO
50%
0317 OSLO
50%
0318 OSLO
50%
0319 OSLO
50%
0323 OSLO
50%
0330 OSLO
50%
0340 OSLO
50%
0349 OSLO
50%
0350 OSLO
50%
0351 OSLO
50%
0352 OSLO
50%
0353 OSLO
50%
0354 OSLO
50%
0355 OSLO
50%
0356 OSLO
50%
0357 OSLO
50%
0358 OSLO
50%
0359 OSLO
50%
0360 OSLO
50%
0361 OSLO
50%
0362 OSLO
50%
0363 OSLO
50%
0364 OSLO
50%
0365 OSLO
50%
0366 OSLO
50%
0367 OSLO
50%
0368 OSLO
50%
0369 OSLO
50%
0370 OSLO
50%
0371 OSLO
50%
0372 OSLO
50%
0373 OSLO
50%
0374 OSLO
50%
0375 OSLO
50%
0376 OSLO
50%
0377 OSLO
50%
0378 OSLO
50%
0379 OSLO
50%
0380 OSLO
50%
0381 OSLO
50%
0382 OSLO
50%
0383 OSLO
50%
0401 OSLO
50%
0402 OSLO
50%
0403 OSLO
50%
0404 OSLO
50%
0405 OSLO
50%
0406 OSLO
50%
0409 OSLO
50%
0410 OSLO
50%
0411 OSLO
50%
0412 OSLO
50%
0413 OSLO
50%
0415 OSLO
50%
0421 OSLO
50%
0422 OSLO
50%
0423 OSLO
50%
0424 OSLO
50%
0440 OSLO
50%
0441 OSLO
50%
0442 OSLO
50%
0445 OSLO
50%
0450 OSLO
50%
0451 OSLO
50%
0452 OSLO
50%
0454 OSLO
50%
0455 OSLO
50%
0456 OSLO
50%
0457 OSLO
50%
0458 OSLO
50%
0459 OSLO
50%
0460 OSLO
50%
0461 OSLO
50%
0462 OSLO
50%
0463 OSLO
50%
0464 OSLO
50%
0465 OSLO
50%
0467 OSLO
50%
0468 OSLO
50%
0469 OSLO
50%
0470 OSLO
50%
0472 OSLO
50%
0473 OSLO
50%
0474 OSLO
50%
0475 OSLO
50%
0476 OSLO
50%
0477 OSLO
50%
0478 OSLO
50%
0479 OSLO
50%
0480 OSLO
50%
0481 OSLO
50%
0482 OSLO
50%
0483 OSLO
50%
0484 OSLO
50%
0485 OSLO
50%
0486 OSLO
50%
0487 OSLO
50%
0488 OSLO
50%
0489 OSLO
50%
0490 OSLO
50%
0491 OSLO
50%
0492 OSLO
50%
0493 OSLO
50%
0494 OSLO
50%
0495 OSLO
50%
0496 OSLO
50%
0501 OSLO
50%
0502 OSLO
50%
0503 OSLO
50%
0504 OSLO
50%
0505 OSLO
50%
0506 OSLO
50%
0507 OSLO
50%
0508 OSLO
50%
0509 OSLO
50%
0510 OSLO
50%
0511 OSLO
50%
0512 OSLO
50%
0513 OSLO
50%
0515 OSLO
50%
0516 OSLO
50%
0517 OSLO
50%
0518 OSLO
50%
0520 OSLO
50%
0540 OSLO
50%
0550 OSLO
50%
0551 OSLO
50%
0552 OSLO
50%
0553 OSLO
50%
0554 OSLO
50%
0555 OSLO
50%
0556 OSLO
50%
0557 OSLO
50%
0558 OSLO
50%
0559 OSLO
50%
0560 OSLO
50%
0561 OSLO
50%
0562 OSLO
50%
0563 OSLO
50%
0564 OSLO
50%
0565 OSLO
50%
0566 OSLO
50%
0567 OSLO
50%
0568 OSLO
50%
0569 OSLO
50%
0570 OSLO
50%
0571 OSLO
50%
0572 OSLO
50%
0573 OSLO
50%
0574 OSLO
50%
0575 OSLO
50%
0576 OSLO
50%
0577 OSLO
50%
0578 OSLO
50%
0579 OSLO
50%
0580 OSLO
50%
0581 OSLO
50%
0582 OSLO
50%
0583 OSLO
50%
0584 OSLO
50%
0585 OSLO
50%
0586 OSLO
50%
0587 OSLO
50%
0588 OSLO
50%
0589 OSLO
50%
0590 OSLO
50%
0591 OSLO
50%
0592 OSLO
50%
0593 OSLO
50%
0594 OSLO
50%
0595 OSLO
50%
0596 OSLO
50%
0597 OSLO
50%
0598 OSLO
50%
0601 OSLO
50%
0602 OSLO
50%
0603 OSLO
50%
0604 OSLO
50%
0605 OSLO
50%
0606 OSLO
50%
0607 OSLO
50%
0608 OSLO
50%
0609 OSLO
50%
0611 OSLO
50%
0612 OSLO
50%
0613 OSLO
50%
0614 OSLO
50%
0615 OSLO
50%
0616 OSLO
50%
0617 OSLO
50%
0618 OSLO
50%
0619 OSLO
50%
0620 OSLO
50%
0621 OSLO
50%
0622 OSLO
50%
0623 OSLO
50%
0624 OSLO
50%
0626 OSLO
50%
0650 OSLO
50%
0651 OSLO
50%
0652 OSLO
50%
0653 OSLO
50%
0654 OSLO
50%
0655 OSLO
50%
0656 OSLO
50%
0657 OSLO
50%
0658 OSLO
50%
0659 OSLO
50%
0660 OSLO
50%
0661 OSLO
50%
0662 OSLO
50%
0663 OSLO
50%
0664 OSLO
50%
0665 OSLO
50%
0666 OSLO
50%
0667 OSLO
50%
0668 OSLO
50%
0669 OSLO
50%
0670 OSLO
50%
0671 OSLO
50%
0672 OSLO
50%
0673 OSLO
50%
0674 OSLO
50%
0675 OSLO
50%
0676 OSLO
50%
0677 OSLO
50%
0678 OSLO
50%
0679 OSLO
50%
0680 OSLO
50%
0681 OSLO
50%
0682 OSLO
50%
0683 OSLO
50%
0684 OSLO
50%
0685 OSLO
50%
0686 OSLO
50%
0687 OSLO
50%
0688 OSLO
50%
0689 OSLO
50%
0690 OSLO
50%
0691 OSLO
50%
0692 OSLO
50%
0693 OSLO
50%
0694 OSLO
50%
0701 OSLO
50%
0702 OSLO
50%
0705 OSLO
50%
0710 OSLO
50%
0712 OSLO
50%
0750 OSLO
50%
0751 OSLO
50%
0752 OSLO
50%
0753 OSLO
50%
0754 OSLO
50%
0755 OSLO
50%
0756 OSLO
50%
0757 OSLO
50%
0758 OSLO
50%
0760 OSLO
50%
0763 OSLO
50%
0764 OSLO
50%
0765 OSLO
50%
0766 OSLO
50%
0767 OSLO
50%
0768 OSLO
50%
0770 OSLO
50%
0771 OSLO
50%
0772 OSLO
50%
0773 OSLO
50%
0774 OSLO
50%
0775 OSLO
50%
0776 OSLO
50%
0777 OSLO
50%
0778 OSLO
50%
0779 OSLO
50%
0781 OSLO
50%
0782 OSLO
50%
0783 OSLO
50%
0784 OSLO
50%
0785 OSLO
50%
0786 OSLO
50%
0787 OSLO
50%
0788 OSLO
50%
0789 OSLO
50%
0790 OSLO
50%
0791 OSLO
50%
0801 OSLO
50%
0805 OSLO
50%
0806 OSLO
50%
0807 OSLO
50%
0840 OSLO
50%
0850 OSLO
50%
0851 OSLO
50%
0852 OSLO
50%
0853 OSLO
50%
0854 OSLO
50%
0855 OSLO
50%
0856 OSLO
50%
0857 OSLO
50%
0858 OSLO
50%
0860 OSLO
50%
0861 OSLO
50%
0862 OSLO
50%
0863 OSLO
50%
0864 OSLO
50%
0870 OSLO
50%
0871 OSLO
50%
0872 OSLO
50%
0873 OSLO
50%
0874 OSLO
50%
0875 OSLO
50%
0876 OSLO
50%
0877 OSLO
50%
0880 OSLO
50%
0881 OSLO
50%
0882 OSLO
50%
0883 OSLO
50%
0884 OSLO
50%
0890 OSLO
50%
0891 OSLO
50%
0901 OSLO
50%
0902 OSLO
50%
0903 OSLO
50%
0904 OSLO
50%
0905 OSLO
50%
0907 OSLO
50%
0908 OSLO
50%
0913 OSLO
50%
0914 OSLO
50%
0915 OSLO
50%
0950 OSLO
50%
0951 OSLO
50%
0952 OSLO
50%
0953 OSLO
50%
0954 OSLO
50%
0955 OSLO
50%
0956 OSLO
50%
0957 OSLO
50%
0958 OSLO
50%
0959 OSLO
50%
0960 OSLO
50%
0962 OSLO
50%
0963 OSLO
50%
0964 OSLO
50%
0968 OSLO
50%
0969 OSLO
50%
0970 OSLO
50%
0971 OSLO
50%
0972 OSLO
50%
0973 OSLO
50%
0975 OSLO
50%
0976 OSLO
50%
0977 OSLO
50%
0978 OSLO
50%
0979 OSLO
50%
0980 OSLO
50%
0981 OSLO
50%
0982 OSLO
50%
0983 OSLO
50%
0984 OSLO
50%
0985 OSLO
50%
0986 OSLO
50%
0987 OSLO
50%
0988 OSLO
50%
1001 OSLO
50%
1003 OSLO
50%
1005 OSLO
50%
1006 OSLO
50%
1007 OSLO
50%
1008 OSLO
50%
1009 OSLO
50%
1011 OSLO
50%
1051 OSLO
50%
1052 OSLO
50%
1053 OSLO
50%
1054 OSLO
50%
1055 OSLO
50%
1056 OSLO
50%
1061 OSLO
50%
1062 OSLO
50%
1063 OSLO
50%
1064 OSLO
50%
1065 OSLO
50%
1067 OSLO
50%
1068 OSLO
50%
1069 OSLO
50%
1071 OSLO
50%
1081 OSLO
50%
1083 OSLO
50%
1084 OSLO
50%
1086 OSLO
50%
1087 OSLO
50%
1088 OSLO
50%
1089 OSLO
50%
1101 OSLO
50%
1102 OSLO
50%
1108 OSLO
50%
1109 OSLO
50%
1112 OSLO
50%
1150 OSLO
50%
1151 OSLO
50%
1152 OSLO
50%
1153 OSLO
50%
1154 OSLO
50%
1155 OSLO
50%
1156 OSLO
50%
1157 OSLO
50%
1158 OSLO
50%
1160 OSLO
50%
1161 OSLO
50%
1162 OSLO
50%
1163 OSLO
50%
1164 OSLO
50%
1165 OSLO
50%
1166 OSLO
50%
1167 OSLO
50%
1168 OSLO
50%
1169 OSLO
50%
1170 OSLO
50%
1172 OSLO
50%
1176 OSLO
50%
1177 OSLO
50%
1178 OSLO
50%
1179 OSLO
50%
1181 OSLO
50%
1182 OSLO
50%
1184 OSLO
50%
1185 OSLO
50%
1187 OSLO
50%
1188 OSLO
50%
1189 OSLO
50%
1201 OSLO
50%
1203 OSLO
50%
1204 OSLO
50%
1205 OSLO
50%
1207 OSLO
50%
1214 OSLO
50%
1215 OSLO
50%
1250 OSLO
50%
1251 OSLO
50%
1252 OSLO
50%
1253 OSLO
50%
1254 OSLO
50%
1255 OSLO
50%
1256 OSLO
50%
1257 OSLO
50%
1258 OSLO
50%
1259 OSLO
50%
1262 OSLO
50%
1263 OSLO
50%
1266 OSLO
50%
1270 OSLO
50%
1271 OSLO
50%
1272 OSLO
50%
1273 OSLO
50%
1274 OSLO
50%
1275 OSLO
50%
1278 OSLO
50%
1279 OSLO
50%
1281 OSLO
50%
1283 OSLO
50%
1284 OSLO
50%
1285 OSLO
50%
1286 OSLO
50%
1290 OSLO
50%
1291 OSLO
50%
1294 OSLO
50%
1295 OSLO
50%
7950 ABELVÆR
0%
2220 ÅBOGEN
0%
2345 ÅDALSBRUK
0%
5475 ÆNES
0%
6360 ÅFARNES
0%
6361 ÅFARNES
0%
7169 ÅFJORD
0%
7170 ÅFJORD
0%
7318 AGDENES
0%
7319 AGDENES
0%
5346 ÅGOTNES
0%
5347 ÅGOTNES
0%
5363 ÅGOTNES
0%
8184 ÅGSKARDET
0%
6146 ÅHEIM
0%
6147 ÅHEIM
0%
9650 AKKARFJORD
0%
9190 AKKARVIK
0%
3812 AKKERHAUGEN
0%
4994 AKLAND
0%
5499 ÅKRA
0%
4270 ÅKREHAMN
0%
4296 ÅKREHAMN
0%
5570 AKSDAL
0%
5575 AKSDAL
0%
3570 ÅL
0%
3571 ÅL
0%
8732 ALDRA
0%
7380 ÅLEN
0%
7384 ÅLEN
0%
6001 ÅLESUND
0%
6002 ÅLESUND
0%
6003 ÅLESUND
0%
6004 ÅLESUND
0%
6005 ÅLESUND
0%
6006 ÅLESUND
0%
6007 ÅLESUND
0%
6008 ÅLESUND
0%
6009 ÅLESUND
0%
6010 ÅLESUND
0%
6011 ÅLESUND
0%
6012 ÅLESUND
0%
6013 ÅLESUND
0%
6014 ÅLESUND
0%
6015 ÅLESUND
0%
6016 ÅLESUND
0%
6017 ÅLESUND
0%
6018 ÅLESUND
0%
6019 ÅLESUND
0%
6020 ÅLESUND
0%
6021 ÅLESUND
0%
6022 ÅLESUND
0%
6023 ÅLESUND
0%
6024 ÅLESUND
0%
6025 ÅLESUND
0%
6026 ÅLESUND
0%
6028 ÅLESUND
0%
6044 ÅLESUND
0%
6045 ÅLESUND
0%
6046 ÅLESUND
0%
6047 ÅLESUND
0%
6048 ÅLESUND
0%
6737 ÅLFOTEN
0%
4330 ÅLGÅRD
0%
4331 ÅLGÅRD
0%
4334 ÅLGÅRD
0%
4339 ÅLGÅRD
0%
2056 ALGARHEIM
0%
6713 ALMENNINGEN
0%
8432 ALSVÅG
0%
9501 ALTA
0%
9502 ALTA
0%
9503 ALTA
0%
9504 ALTA
0%
9505 ALTA
0%
9506 ALTA
0%
9507 ALTA
0%
9508 ALTA
0%
9509 ALTA
0%
9510 ALTA
0%
9511 ALTA
0%
9512 ALTA
0%
9513 ALTA
0%
9514 ALTA
0%
9515 ALTA
0%
9516 ALTA
0%
9517 ALTA
0%
9518 ALTA
0%
9538 ALTA
0%
9541 ALTA
0%
2560 ALVDAL
0%
2561 ALVDAL
0%
5907 ALVERSUND
0%
5911 ALVERSUND
0%
5605 ÅLVIK
0%
5614 ÅLVIK
0%
6620 ÅLVUNDEID
0%
6622 ÅLVUNDFJORD
0%
6623 ÅLVUNDFJORD
0%
3882 ÅMDALS VERK
0%
4864 ÅMLI
0%
4865 ÅMLI
0%
3340 ÅMOT
0%
3341 ÅMOT
0%
3342 ÅMOT
0%
3844 ÅMOTSDAL
0%
4420 ÅNA-SIRA
0%
4434 ANDABELØY
0%
6300 ÅNDALSNES
0%
6301 ÅNDALSNES
0%
3158 ANDEBU
0%
3162 ANDEBU
0%
8480 ANDENES
0%
8483 ANDENES
0%
9186 ANDSNES
0%
6636 ANGVIK
0%
8513 ANKENES
0%
8520 ANKENES
0%
8521 ANKENES
0%
5977 ÅNNELAND
0%
7241 ANSNES
0%
9454 ÅNSTAD
0%
6149 ÅRAM
0%
5693 ÅRBAKKA
0%
4137 ÅRDAL I RYFYLKE
0%
6881 ÅRDALSTANGEN
0%
6885 ÅRDALSTANGEN
0%
1798 AREMARK
0%
1799 AREMARK
0%
4801 ARENDAL
0%
4802 ARENDAL
0%
4803 ARENDAL
0%
4804 ARENDAL
0%
4808 ARENDAL
0%
4809 ARENDAL
0%
4825 ARENDAL
0%
4836 ARENDAL
0%
4838 ARENDAL
0%
4839 ARENDAL
0%
4841 ARENDAL
0%
4842 ARENDAL
0%
4843 ARENDAL
0%
4844 ARENDAL
0%
4846 ARENDAL
0%
4847 ARENDAL
0%
4848 ARENDAL
0%
4849 ARENDAL
0%
4856 ARENDAL
0%
4857 ARENDAL
0%
4858 ARENDAL
0%
4859 ARENDAL
0%
5652 ÅRLAND
0%
5653 ÅRLAND
0%
5262 ARNATVEIT
0%
5458 ARNAVIK
0%
2266 ARNEBERG
0%
2150 ÅRNES
0%
2151 ÅRNES
0%
9192 ARNØYHAMN
0%
3474 ÅROS
0%
9195 ÅRVIKSAND
0%
1430 ÅS
0%
1431 ÅS
0%
1432 ÅS
0%
1433 ÅS
0%
1434 ÅS
0%
1435 ÅS
0%
7630 ÅSEN
0%
7631 ÅSEN
0%
7632 ÅSENFJORD
0%
4540 ÅSERAL
0%
4541 ÅSERAL
0%
3167 ÅSGÅRDSTRAND
0%
3179 ÅSGÅRDSTRAND
0%
2033 ÅSGREINA
0%
5307 ASK
0%
5326 ASK
0%
1371 ASKER
0%
1372 ASKER
0%
1373 ASKER
0%
1383 ASKER
0%
1384 ASKER
0%
1385 ASKER
0%
1386 ASKER
0%
1387 ASKER
0%
1399 ASKER
0%
1801 ASKIM
0%
1802 ASKIM
0%
1803 ASKIM
0%
1807 ASKIM
0%
1808 ASKIM
0%
1809 ASKIM
0%
1811 ASKIM
0%
1812 ASKIM
0%
1813 ASKIM
0%
1814 ASKIM
0%
1815 ASKIM
0%
1830 ASKIM
0%
1831 ASKIM
0%
1832 ASKIM
0%
1833 ASKIM
0%
6980 ASKVOLL
0%
6988 ASKVOLL
0%
2365 ÅSMARKA
0%
2283 ÅSNES FINNSKOG
0%
2332 ÅSVANG
0%
6985 ATLØY
0%
2476 ATNA
0%
3656 ATRÅ
0%
3666 ATRÅ
0%
5551 AUKLANDSHAMN
0%
6480 AUKRA
0%
6481 AUKRA
0%
1928 AULI
0%
1929 AULI
0%
2909 AURDAL
0%
2910 AURDAL
0%
6689 AURE
0%
6690 AURE
0%
6408 AUREOSEN
0%
5741 AURLAND
0%
5745 AURLAND
0%
1930 AURSKOG
0%
1931 AURSKOG
0%
7924 AUSTAFJORD
0%
8854 AUSTBØ
0%
6110 AUSTEFJORDEN
0%
2224 AUSTMARKA
0%
2227 AUSTMARKA
0%
4154 AUSTRE ÅMØY
0%
5941 AUSTRHEIM
0%
5943 AUSTRHEIM
0%
2881 AUST-TORPA
0%
2134 AUSTVATN
0%
4262 AVALDSNES
0%
4299 AVALDSNES
0%
6530 AVERØY
0%
6531 AVERØY
0%
6532 AVERØY
0%
6533 AVERØY
0%
6538 AVERØY
0%
6539 AVERØY
0%
8880 BÆRØYVÅGEN
0%
1317 BÆRUMS VERK
0%
1353 BÆRUMS VERK
0%
1354 BÆRUMS VERK
0%
6644 BÆVERFJORD
0%
2929 BAGN
0%
2930 BAGN
0%
5385 BAKKASUND
0%
5647 BALDERSHEIM
0%
6898 BALESTRAND
0%
6899 BALESTRAND
0%
8540 BALLANGEN
0%
8546 BALLANGEN
0%
8373 BALLSTAD
0%
8374 BALLSTAD
0%
7822 BANGSUND
0%
7823 BANGSUND
0%
8897 BARDAL
0%
9360 BARDU
0%
9365 BARDU
0%
9325 BARDUFOSS
0%
9326 BARDUFOSS
0%
6916 BAREKSTAD
0%
9178 BARENTSBURG
0%
3157 BARKÅKER
0%
8426 BARKESTAD
0%
6715 BARMEN
0%
6174 BARSTADVIK
0%
1866 BÅSTAD
0%
1867 BÅSTAD
0%
6917 BATALDEN
0%
6631 BATNFJORDSØRA
0%
6632 BATNFJORDSØRA
0%
9990 BÅTSFJORD
0%
9991 BÅTSFJORD
0%
3477 BÅTSTØ
0%
2937 BEGNA
0%
2936 BEGNADALEN
0%
8522 BEISFJORD
0%
2952 BEITO
0%
2953 BEITOSTØLEN
0%
2954 BEITOSTØLEN
0%
7730 BEITSTAD
0%
7739 BEITSTAD
0%
1318 BEKKESTUA
0%
1319 BEKKESTUA
0%
1356 BEKKESTUA
0%
1357 BEKKESTUA
0%
5397 BEKKJARVIK
0%
5399 BEKKJARVIK
0%
5003 BERGEN
0%
5004 BERGEN
0%
5005 BERGEN
0%
5006 BERGEN
0%
5007 BERGEN
0%
5008 BERGEN
0%
5009 BERGEN
0%
5010 BERGEN
0%
5011 BERGEN
0%
5012 BERGEN
0%
5013 BERGEN
0%
5014 BERGEN
0%
5015 BERGEN
0%
5016 BERGEN
0%
5017 BERGEN
0%
5018 BERGEN
0%
5019 BERGEN
0%
5020 BERGEN
0%
5021 BERGEN
0%
5022 BERGEN
0%
5031 BERGEN
0%
5032 BERGEN
0%
5033 BERGEN
0%
5034 BERGEN
0%
5035 BERGEN
0%
5036 BERGEN
0%
5037 BERGEN
0%
5038 BERGEN
0%
5039 BERGEN
0%
5041 BERGEN
0%
5042 BERGEN
0%
5043 BERGEN
0%
5045 BERGEN
0%
5052 BERGEN
0%
5053 BERGEN
0%
5054 BERGEN
0%
5055 BERGEN
0%
5056 BERGEN
0%
5057 BERGEN
0%
5058 BERGEN
0%
5059 BERGEN
0%
5063 BERGEN
0%
5067 BERGEN
0%
5068 BERGEN
0%
5072 BERGEN
0%
5073 BERGEN
0%
5075 BERGEN
0%
5081 BERGEN
0%
5082 BERGEN
0%
5089 BERGEN
0%
5093 BERGEN
0%
5094 BERGEN
0%
5096 BERGEN
0%
5097 BERGEN
0%
5098 BERGEN
0%
5099 BERGEN
0%
5802 BERGEN
0%
5803 BERGEN
0%
5804 BERGEN
0%
5805 BERGEN
0%
5806 BERGEN
0%
5807 BERGEN
0%
5808 BERGEN
0%
5809 BERGEN
0%
5810 BERGEN
0%
5811 BERGEN
0%
5812 BERGEN
0%
5813 BERGEN
0%
5814 BERGEN
0%
5815 BERGEN
0%
5816 BERGEN
0%
5817 BERGEN
0%
5818 BERGEN
0%
5819 BERGEN
0%
5820 BERGEN
0%
5821 BERGEN
0%
5822 BERGEN
0%
5823 BERGEN
0%
5824 BERGEN
0%
5825 BERGEN
0%
5826 BERGEN
0%
5827 BERGEN
0%
5829 BERGEN
0%
5830 BERGEN
0%
5831 BERGEN
0%
5832 BERGEN
0%
5833 BERGEN
0%
5834 BERGEN
0%
5835 BERGEN
0%
5836 BERGEN
0%
5837 BERGEN
0%
5838 BERGEN
0%
5841 BERGEN
0%
5843 BERGEN
0%
5844 BERGEN
0%
5845 BERGEN
0%
5847 BERGEN
0%
5848 BERGEN
0%
5849 BERGEN
0%
5851 BERGEN
0%
5852 BERGEN
0%
5853 BERGEN
0%
5854 BERGEN
0%
5855 BERGEN
0%
5857 BERGEN
0%
5858 BERGEN
0%
5859 BERGEN
0%
5861 BERGEN
0%
5862 BERGEN
0%
5863 BERGEN
0%
5864 BERGEN
0%
5865 BERGEN
0%
5866 BERGEN
0%
5867 BERGEN
0%
5868 BERGEN
0%
5872 BERGEN
0%
5873 BERGEN
0%
5876 BERGEN
0%
5877 BERGEN
0%
5878 BERGEN
0%
5879 BERGEN
0%
5881 BERGEN
0%
5884 BERGEN
0%
5886 BERGEN
0%
5887 BERGEN
0%
5888 BERGEN
0%
5889 BERGEN
0%
5892 BERGEN
0%
5893 BERGEN
0%
5895 BERGEN
0%
5896 BERGEN
0%
5899 BERGEN
0%
3075 BERGER
0%
1789 BERG I ØSTFOLD
0%
9580 BERGSFJORD
0%
9980 BERLEVÅG
0%
9981 BERLEVÅG
0%
7190 BESSAKER
0%
1375 BILLINGSTAD
0%
1376 BILLINGSTAD
0%
1377 BILLINGSTAD
0%
1396 BILLINGSTAD
0%
7982 BINDALSEIDET
0%
7983 BINDALSEIDET
0%
2832 BIRI
0%
2836 BIRI
0%
2837 BIRISTRAND
0%
4760 BIRKELAND
0%
4795 BIRKELAND
0%
9147 BIRTAVARRE
0%
9149 BIRTAVARRE
0%
9426 BJARKØY
0%
4536 BJELLAND
0%
8643 BJERKA
0%
8644 BJERKA
0%
4387 BJERKREIM
0%
8530 BJERKVIK
0%
8531 BJERKVIK
0%
5584 BJOA
0%
3522 BJONEROA
0%
3527 BJONEROA
0%
4824 BJORBEKK
0%
5962 BJORDAL
0%
5965 BJORDAL
0%
6190 BJØRKE
0%
1940 BJØRKELANGEN
0%
1941 BJØRKELANGEN
0%
2669 BJORLI
0%
5170 BJØRNDALSTRÆ
0%
1453 BJØRNEMYR
0%
9910 BJØRNEVATN
0%
9914 BJØRNEVATN
0%
9176 BJØRNØYA
0%
5177 BJØRØYHAMN
0%
7159 BJUGN
0%
7160 BJUGN
0%
1925 BLAKER
0%
1926 BLAKER
0%
6795 BLAKSÆTER
0%
8481 BLEIK
0%
8647 BLEIKVASSLIA
0%
8096 BLIKSVÆR
0%
1365 BLOMMENHOLM
0%
5258 BLOMSTERDALEN
0%
2014 BLYSTADLIA
0%
3472 BØDALEN
0%
8001 BODØ
0%
8002 BODØ
0%
8003 BODØ
0%
8004 BODØ
0%
8005 BODØ
0%
8006 BODØ
0%
8007 BODØ
0%
8008 BODØ
0%
8009 BODØ
0%
8010 BODØ
0%
8011 BODØ
0%
8012 BODØ
0%
8013 BODØ
0%
8014 BODØ
0%
8015 BODØ
0%
8016 BODØ
0%
8019 BODØ
0%
8020 BODØ
0%
8021 BODØ
0%
8022 BODØ
0%
8023 BODØ
0%
8025 BODØ
0%
8026 BODØ
0%
8027 BODØ
0%
8028 BODØ
0%
8029 BODØ
0%
8030 BODØ
0%
8031 BODØ
0%
8037 BODØ
0%
8038 BODØ
0%
8041 BODØ
0%
8047 BODØ
0%
8048 BODØ
0%
8049 BODØ
0%
8070 BODØ
0%
8071 BODØ
0%
8072 BODØ
0%
8073 BODØ
0%
8074 BODØ
0%
8075 BODØ
0%
8076 BODØ
0%
8079 BODØ
0%
8084 BODØ
0%
8085 BODØ
0%
8086 BODØ
0%
8087 BODØ
0%
8088 BODØ
0%
8089 BODØ
0%
8091 BODØ
0%
8092 BODØ
0%
6643 BØFJORDEN
0%
8533 BOGEN I OFOTEN
0%
8539 BOGEN I OFOTEN
0%
8288 BOGØY
0%
7282 BOGØYVÆR
0%
3800 BØ I TELEMARK
0%
3801 BØ I TELEMARK
0%
3802 BØ I TELEMARK
0%
3803 BØ I TELEMARK
0%
3804 BØ I TELEMARK
0%
3805 BØ I TELEMARK
0%
3833 BØ I TELEMARK
0%
8469 BØ I VESTERÅLEN
0%
8470 BØ I VESTERÅLEN
0%
5561 BOKN
0%
5569 BOKN
0%
6095 BØLANDET
0%
8158 BOLGA
0%
6457 BOLSØYA
0%
5723 BOLSTADØYRI
0%
5443 BØMLO
0%
5449 BØMLO
0%
2073 BØN
0%
5152 BØNES
0%
5153 BØNES
0%
5154 BØNES
0%
5155 BØNES
0%
1388 BORGEN
0%
1738 BORGENHAUGEN
0%
1739 BORGENHAUGEN
0%
1740 BORGENHAUGEN
0%
6888 BORGUND
0%
4563 BORHAUG
0%
9475 BORKENES
0%
9476 BORKENES
0%
4916 BORØY
0%
3184 BORRE
0%
3199 BORRE
0%
7353 BØRSA
0%
7358 BØRSA
0%
9716 BØRSELV
0%
7070 BOSBERG
0%
8360 BØSTAD
0%
8361 BØSTAD
0%
9373 BOTNHAMN
0%
5935 BØVÅGEN
0%
5937 BØVÅGEN
0%
2845 BØVERBRU
0%
2846 BØVERBRU
0%
2687 BØVERDALEN
0%
6062 BRANDAL
0%
5423 BRANDASUND
0%
2712 BRANDBU
0%
2718 BRANDBU
0%
2760 BRANDBU
0%
7194 BRANDSFJORD
0%
2219 BRANDVAL
0%
2162 BRÅRUD
0%
2434 BRASKEREIDFOSS
0%
2435 BRASKEREIDFOSS
0%
8842 BRASØY
0%
8730 BRATLAND
0%
5350 BRATTHOLMEN
0%
6270 BRATTVÅG
0%
6282 BRATTVÅG
0%
6827 BREIM
0%
5111 BREISTEIN
0%
9593 BREIVIKBOTN
0%
8103 BREIVIK I SALTEN
0%
5961 BREKKE
0%
5964 BREKKE
0%
7370 BREKKEBYGD
0%
4780 BREKKESTØ
0%
7896 BREKKVASSELV
0%
7129 BREKSTAD
0%
7130 BREKSTAD
0%
6726 BREMANGER
0%
6727 BREMANGER
0%
5430 BREMNES
0%
5445 BREMNES
0%
4647 BRENNÅSEN
0%
4684 BRENNÅSEN
0%
9118 BRENSHOLMEN
0%
8322 BRETTESNES
0%
3950 BREVIK
0%
3991 BREVIK
0%
6792 BRIKSDALSBRE
0%
4153 BRIMSE
0%
8900 BRØNNØYSUND
0%
8901 BRØNNØYSUND
0%
8902 BRØNNØYSUND
0%
8904 BRØNNØYSUND
0%
8905 BRØNNØYSUND
0%
8906 BRØNNØYSUND
0%
8907 BRØNNØYSUND
0%
8908 BRØNNØYSUND
0%
8909 BRØNNØYSUND
0%
8910 BRØNNØYSUND
0%
9311 BRØSTADBOTN
0%
9316 BRØSTADBOTN
0%
2372 BRØTTUM
0%
2373 BRØTTUM
0%
4158 BRU
0%
2380 BRUMUNDDAL
0%
2381 BRUMUNDDAL
0%
2382 BRUMUNDDAL
0%
2383 BRUMUNDDAL
0%
2384 BRUMUNDDAL
0%
2385 BRUMUNDDAL
0%
2386 BRUMUNDDAL
0%
2387 BRUMUNDDAL
0%
2388 BRUMUNDDAL
0%
2389 BRUMUNDDAL
0%
4363 BRUSAND
0%
5285 BRUVIK
0%
2123 BRUVOLL
0%
6708 BRYGGJA
0%
6711 BRYGGJA
0%
4340 BRYNE
0%
4341 BRYNE
0%
4344 BRYNE
0%
4345 BRYNE
0%
4346 BRYNE
0%
4349 BRYNE
0%
6430 BUD
0%
6431 BUD
0%
7298 BUDALEN
0%
9935 BUGØYNES
0%
6987 BULANDET
0%
9161 BURFJORD
0%
9169 BURFJORD
0%
7350 BUVIKA
0%
7351 BUVIKA
0%
2822 BYBRUA
0%
4744 BYGLAND
0%
4745 BYGLAND
0%
4741 BYGLANDSFJORD
0%
6976 BYGSTAD
0%
6977 BYGSTAD
0%
4754 BYKLE
0%
4168 BYRE
0%
4529 BYREMO
0%
6826 BYRKJELO
0%
6830 BYRKJELO
0%
5970 BYRKNESØY
0%
5979 BYRKNESØY
0%
7058 CHARLOTTENLUND
0%
7060 CHARLOTTENLUND
0%
3588 DAGALI
0%
2072 DAL
0%
2076 DAL
0%
6961 DALE I SUNNFJORD
0%
6963 DALE I SUNNFJORD
0%
5721 DALEKVAM
0%
5722 DALEKVAM
0%
3880 DALEN
0%
3886 DALEN
0%
2584 DALHOLEN
0%
2552 DALSBYGDA
0%
8617 DALSGRENDA
0%
5960 DALSØYRA
0%
5963 DALSØYRA
0%
6730 DAVIK
0%
1892 DEGERNES
0%
1893 DEGERNES
0%
6704 DEKNEPOLLEN
0%
6718 DEKNEPOLLEN
0%
8324 DIGERMULEN
0%
1570 DILLING
0%
5464 DIMMELSVIK
0%
4335 DIRDAL
0%
2114 DISENÅ
0%
2870 DOKKA
0%
2882 DOKKA
0%
4869 DØLEMO
0%
7252 DOLMØY
0%
2659 DOMBÅS
0%
2660 DOMBÅS
0%
8820 DØNNA
0%
8827 DØNNA
0%
2662 DOVRE
0%
2664 DOVRE
0%
2663 DOVRESKOGEN
0%
8270 DRAG
0%
8271 DRAG
0%
3001 DRAMMEN
0%
3002 DRAMMEN
0%
3003 DRAMMEN
0%
3004 DRAMMEN
0%
3005 DRAMMEN
0%
3006 DRAMMEN
0%
3007 DRAMMEN
0%
3008 DRAMMEN
0%
3009 DRAMMEN
0%
3010 DRAMMEN
0%
3011 DRAMMEN
0%
3012 DRAMMEN
0%
3013 DRAMMEN
0%
3014 DRAMMEN
0%
3015 DRAMMEN
0%
3016 DRAMMEN
0%
3017 DRAMMEN
0%
3018 DRAMMEN
0%
3019 DRAMMEN
0%
3021 DRAMMEN
0%
3022 DRAMMEN
0%
3023 DRAMMEN
0%
3024 DRAMMEN
0%
3025 DRAMMEN
0%
3026 DRAMMEN
0%
3027 DRAMMEN
0%
3028 DRAMMEN
0%
3029 DRAMMEN
0%
3030 DRAMMEN
0%
3031 DRAMMEN
0%
3032 DRAMMEN
0%
3033 DRAMMEN
0%
3034 DRAMMEN
0%
3035 DRAMMEN
0%
3036 DRAMMEN
0%
3037 DRAMMEN
0%
3038 DRAMMEN
0%
3039 DRAMMEN
0%
3040 DRAMMEN
0%
3041 DRAMMEN
0%
3042 DRAMMEN
0%
3043 DRAMMEN
0%
3044 DRAMMEN
0%
3045 DRAMMEN
0%
3046 DRAMMEN
0%
3047 DRAMMEN
0%
3048 DRAMMEN
0%
3063 DRAMMEN
0%
3064 DRAMMEN
0%
3065 DRAMMEN
0%
3066 DRAMMEN
0%
3750 DRANGEDAL
0%
3795 DRANGEDAL
0%
2443 DREVSJØ
0%
2444 DREVSJØ
0%
7345 DRIVDALEN
0%
1440 DRØBAK
0%
1441 DRØBAK
0%
1442 DRØBAK
0%
1443 DRØBAK
0%
1444 DRØBAK
0%
1445 DRØBAK
0%
1446 DRØBAK
0%
1447 DRØBAK
0%
1448 DRØBAK
0%
1449 DRØBAK
0%
3133 DUKEN
0%
8485 DVERBERG
0%
9782 DYFJORD
0%
7270 DYRVIK
0%
3888 EDLAND
0%
3895 EDLAND
0%
4370 EGERSUND
0%
4371 EGERSUND
0%
4372 EGERSUND
0%
4373 EGERSUND
0%
4374 EGERSUND
0%
4378 EGERSUND
0%
4379 EGERSUND
0%
3357 EGGEDAL
0%
3359 EGGEDAL
0%
7355 EGGKLEIVA
0%
6490 EIDE
0%
6499 EIDE
0%
5783 EIDFJORD
0%
5786 EIDFJORD
0%
6142 EIDSÅ
0%
1880 EIDSBERG
0%
6350 EIDSBYGDA
0%
6215 EIDSDAL
0%
6255 EIDSDAL
0%
3095 EIDSFOSS
0%
5728 EIDSLANDET
0%
6034 EIDSNES
0%
6037 EIDSNES
0%
5104 EIDSVÅG I ÅSANE
0%
5105 EIDSVÅG I ÅSANE
0%
6460 EIDSVÅG I ROMSDAL
0%
6461 EIDSVÅG I ROMSDAL
0%
5101 EIDSVÅGNESET
0%
2080 EIDSVOLL
0%
2081 EIDSVOLL
0%
2074 EIDSVOLL VERK
0%
5913 EIKANGERVÅG
0%
6940 EIKEFJORD
0%
6941 EIKEFJORD
0%
5640 EIKELANDSOSEN
0%
5649 EIKELANDSOSEN
0%
4596 EIKEN
0%
4597 EIKEN
0%
6472 EIKESDAL
0%
1316 EIKSMARKA
0%
1359 EIKSMARKA
0%
6068 EIKSUND
0%
2843 EINA
0%
2854 EINA
0%
5966 EIVINDVIK
0%
5967 EIVINDVIK
0%
7624 EKNE
0%
2446 ELGÅ
0%
6057 ELLINGSØY
0%
6440 ELNESVÅGEN
0%
6447 ELNESVÅGEN
0%
8672 ELSFJORD
0%
7519 ELVARLI
0%
2401 ELVERUM
0%
2402 ELVERUM
0%
2403 ELVERUM
0%
2405 ELVERUM
0%
2406 ELVERUM
0%
2407 ELVERUM
0%
2408 ELVERUM
0%
2409 ELVERUM
0%
2411 ELVERUM
0%
2413 ELVERUM
0%
2414 ELVERUM
0%
2417 ELVERUM
0%
2418 ELVERUM
0%
2419 ELVERUM
0%
1912 ENEBAKK
0%
1910 ENEBAKKNESET
0%
8264 ENGAN
0%
8168 ENGAVÅGEN
0%
8170 ENGAVÅGEN
0%
8287 ENGELØYA
0%
8289 ENGELØYA
0%
1628 ENGELSVIKEN
0%
9455 ENGENES
0%
9456 ENGENES
0%
2866 ENGER
0%
2440 ENGERDAL
0%
2441 ENGERDAL
0%
4768 ENGESLAND
0%
5306 ERDAL
0%
6470 ERESFJORD
0%
6471 ERESFJORD
0%
4233 ERFJORD
0%
4238 ERFJORD
0%
2338 ESPA
0%
2658 ESPEDALEN
0%
5267 ESPELAND
0%
5444 ESPEVÆR
0%
5590 ETNE
0%
5591 ETNE
0%
2890 ETNEDAL
0%
2893 ETNEDAL
0%
5707 EVANGER
0%
8536 EVENES
0%
9439 EVENSKJER
0%
9440 EVENSKJER
0%
4733 EVJE
0%
4734 EVJE
0%
4735 EVJE
0%
4810 EYDEHAVN
0%
4862 EYDEHAVN
0%
2625 FÅBERG
0%
2627 FÅBERG
0%
4818 FÆRVIK
0%
4852 FÆRVIK
0%
2900 FAGERNES
0%
2901 FAGERNES
0%
1454 FAGERSTRAND
0%
1457 FAGERSTRAND
0%
2864 FALL
0%
5243 FANA
0%
5244 FANA
0%
7320 FANNREM
0%
7321 FANNREM
0%
6858 FARDAL
0%
6444 FARSTAD
0%
6446 FARSTAD
0%
4550 FARSUND
0%
4551 FARSUND
0%
4552 FARSUND
0%
4553 FARSUND
0%
4554 FARSUND
0%
8200 FAUSKE
0%
8201 FAUSKE
0%
8202 FAUSKE
0%
8203 FAUSKE
0%
8205 FAUSKE
0%
8206 FAUSKE
0%
8207 FAUSKE
0%
8208 FAUSKE
0%
8209 FAUSKE
0%
8210 FAUSKE
0%
8211 FAUSKE
0%
8214 FAUSKE
0%
8218 FAUSKE
0%
8219 FAUSKE
0%
2633 FÅVANG
0%
2634 FÅVANG
0%
4485 FEDA
0%
4486 FEDA
0%
5947 FEDJE
0%
5948 FEDJE
0%
6895 FEIOS
0%
2093 FEIRING
0%
2170 FENSTAD
0%
5548 FEØY
0%
1900 FETSUND
0%
1901 FETSUND
0%
7110 FEVÅG
0%
4870 FEVIK
0%
4889 FEVIK
0%
4332 FIGGJO
0%
6389 FIKSDAL
0%
6394 FIKSDAL
0%
3480 FILTVET
0%
3485 FILTVET
0%
5437 FINNÅS
0%
8642 FINNEIDFJORD
0%
4160 FINNØY
0%
4161 FINNØY
0%
9300 FINNSNES
0%
9305 FINNSNES
0%
9306 FINNSNES
0%
9307 FINNSNES
0%
9308 FINNSNES
0%
9309 FINNSNES
0%
5719 FINSE
0%
4646 FINSLAND
0%
4649 FINSLAND
0%
1468 FINSTADJORDET
0%
1475 FINSTADJORDET
0%
6139 FISKÅ
0%
6143 FISKÅ
0%
6035 FISKARSTRAND
0%
3322 FISKUM
0%
4139 FISTER
0%
5418 FITJAR
0%
5419 FITJAR
0%
5598 FJÆRA
0%
6845 FJÆRLAND
0%
6848 FJÆRLAND
0%
5459 FJELBERG
0%
5357 FJELL
0%
5358 FJELL
0%
9441 FJELLDAL
0%
1462 FJELLHAMAR
0%
1463 FJELLHAMAR
0%
1464 FJELLHAMAR
0%
1472 FJELLHAMAR
0%
1477 FJELLHAMAR
0%
1458 FJELLSTRAND
0%
2008 FJERDINGBY
0%
2025 FJERDINGBY
0%
9388 FJORDGARD
0%
6294 FJØRTOFT
0%
3539 FLÅ
0%
3545 FLÅ
0%
7596 FLAKNAN
0%
9393 FLAKSTADVÅG
0%
5134 FLAKTVEIT
0%
5135 FLAKTVEIT
0%
5742 FLÅM
0%
5743 FLÅM
0%
7770 FLATANGER
0%
7771 FLATANGER
0%
7079 FLATÅSEN
0%
7099 FLATÅSEN
0%
3841 FLATDAL
0%
1911 FLATEBY
0%
1916 FLATEBY
0%
5687 FLATRÅKER
0%
6717 FLATRAKET
0%
8094 FLEINVÆR
0%
6968 FLEKKE
0%
4400 FLEKKEFJORD
0%
4401 FLEKKEFJORD
0%
4402 FLEKKEFJORD
0%
4403 FLEKKEFJORD
0%
4404 FLEKKEFJORD
0%
4405 FLEKKEFJORD
0%
4406 FLEKKEFJORD
0%
4407 FLEKKEFJORD
0%
4625 FLEKKERØY
0%
4679 FLEKKERØY
0%
6637 FLEMMA
0%
3620 FLESBERG
0%
2270 FLISA
0%
2271 FLISA
0%
4128 FLØRLI
0%
7525 FLORNES
0%
6900 FLORØ
0%
6901 FLORØ
0%
6902 FLORØ
0%
6903 FLORØ
0%
6905 FLORØ
0%
6906 FLORØ
0%
6907 FLORØ
0%
6908 FLORØ
0%
6909 FLORØ
0%
6910 FLORØ
0%
6913 FLORØ
0%
5305 FLORVÅG
0%
5329 FLORVÅG
0%
2862 FLUBERG
0%
4164 FOGN
0%
7985 FOLDEREID
0%
7986 FOLDEREID
0%
6694 FOLDFJORDEN
0%
4198 FOLDØY
0%
5428 FOLDRØYHAMN
0%
6120 FOLKESTAD
0%
6121 FOLKESTAD
0%
7795 FOLLAFOSS
0%
7796 FOLLAFOSS
0%
2580 FOLLDAL
0%
2581 FOLLDAL
0%
2656 FOLLEBU
0%
5303 FOLLESE
0%
5325 FOLLESE
0%
5952 FONNES
0%
5953 FONNES
0%
6800 FØRDE
0%
6801 FØRDE
0%
6802 FØRDE
0%
6803 FØRDE
0%
6804 FØRDE
0%
6805 FØRDE
0%
6807 FØRDE
0%
6808 FØRDE
0%
6809 FØRDE
0%
6810 FØRDE
0%
6811 FØRDE
0%
6812 FØRDE
0%
6813 FØRDE
0%
6814 FØRDE
0%
6815 FØRDE
0%
6819 FØRDE
0%
6820 FØRDE
0%
5555 FØRDE I HORDALAND
0%
5556 FØRDE I HORDALAND
0%
1307 FORNEBU
0%
1330 FORNEBU
0%
1331 FORNEBU
0%
1360 FORNEBU
0%
1364 FORNEBU
0%
5563 FØRRESFJORDEN
0%
5595 FØRRESFJORDEN
0%
4110 FORSAND
0%
4119 FORSAND
0%
9612 FORSØL
0%
6877 FORTUN
0%
6090 FOSNAVÅG
0%
6091 FOSNAVÅG
0%
6092 FOSNAVÅG
0%
6099 FOSNAVÅG
0%
4544 FOSSDAL
0%
1963 FOSSER
0%
7819 FOSSLANDSOSEN
0%
5283 FOTLANDSVÅG
0%
1601 FREDRIKSTAD
0%
1602 FREDRIKSTAD
0%
1604 FREDRIKSTAD
0%
1605 FREDRIKSTAD
0%
1606 FREDRIKSTAD
0%
1607 FREDRIKSTAD
0%
1608 FREDRIKSTAD
0%
1609 FREDRIKSTAD
0%
1610 FREDRIKSTAD
0%
1612 FREDRIKSTAD
0%
1613 FREDRIKSTAD
0%
1614 FREDRIKSTAD
0%
1615 FREDRIKSTAD
0%
1616 FREDRIKSTAD
0%
1617 FREDRIKSTAD
0%
1618 FREDRIKSTAD
0%
1619 FREDRIKSTAD
0%
8387 FREDVANG
0%
6520 FREI
0%
6521 FREI
0%
6522 FREI
0%
6523 FREI
0%
6524 FREI
0%
6525 FREI
0%
6527 FREI
0%
6528 FREI
0%
6529 FREI
0%
5906 FREKHAUG
0%
5918 FREKHAUG
0%
5919 FREKHAUG
0%
6896 FRESVIK
0%
2016 FROGNER
0%
2017 FROGNER
0%
4820 FROLAND
0%
4855 FROLAND
0%
4827 FROLANDS VERK
0%
6855 FRØNNINGEN
0%
7633 FROSTA
0%
7634 FROSTA
0%
2320 FURNES
0%
2327 FURNES
0%
9062 FURUFLATEN
0%
6611 FURUGRENDA
0%
5641 FUSA
0%
5648 FUSA
0%
5141 FYLLINGSDALEN
0%
5142 FYLLINGSDALEN
0%
5143 FYLLINGSDALEN
0%
5144 FYLLINGSDALEN
0%
5145 FYLLINGSDALEN
0%
5146 FYLLINGSDALEN
0%
5147 FYLLINGSDALEN
0%
5148 FYLLINGSDALEN
0%
3870 FYRESDAL
0%
3885 FYRESDAL
0%
2646 GÅLÅ
0%
2223 GALTERUD
0%
1629 GAMLE FREDRIKSTAD
0%
1630 GAMLE FREDRIKSTAD
0%
1632 GAMLE FREDRIKSTAD
0%
1633 GAMLE FREDRIKSTAD
0%
1634 GAMLE FREDRIKSTAD
0%
1636 GAMLE FREDRIKSTAD
0%
1637 GAMLE FREDRIKSTAD
0%
1638 GAMLE FREDRIKSTAD
0%
1639 GAMLE FREDRIKSTAD
0%
9775 GAMVIK
0%
1903 GAN
0%
2060 GARDERMOEN
0%
2061 GARDERMOEN
0%
2132 GARDVIK
0%
2133 GARDVIK
0%
2685 GARMO
0%
5264 GARNES
0%
7153 GARTEN
0%
7213 GÅSBAKKEN
0%
2355 GAUPEN
0%
6866 GAUPNE
0%
6868 GAUPNE
0%
3580 GEILO
0%
3581 GEILO
0%
6216 GEIRANGER
0%
6217 GEIRANGER
0%
3360 GEITHUS
0%
3361 GEITHUS
0%
9372 GIBOSTAD
0%
9382 GIBOSTAD
0%
7227 GIMSE
0%
8314 GIMSØYSAND
0%
6052 GISKE
0%
8097 GIVÆR
0%
7285 GJÆSINGEN
0%
6633 GJEMNES
0%
7973 GJERDINGA
0%
2022 GJERDRUM
0%
2024 GJERDRUM
0%
6078 GJERDSVIKA
0%
6083 GJERDSVIKA
0%
8195 GJERØY
0%
4972 GJERSTAD
0%
4980 GJERSTAD
0%
8189 GJERSVIKGRENDA
0%
2280 GJESÅSEN
0%
9765 GJESVÆR
0%
1342 GJETTUM
0%
1346 GJETTUM
0%
4912 GJEVING
0%
7310 GJØLME
0%
6613 GJØRA
0%
6614 GJØRA
0%
2801 GJØVIK
0%
2802 GJØVIK
0%
2803 GJØVIK
0%
2804 GJØVIK
0%
2805 GJØVIK
0%
2806 GJØVIK
0%
2808 GJØVIK
0%
2810 GJØVIK
0%
2812 GJØVIK
0%
2815 GJØVIK
0%
2816 GJØVIK
0%
2817 GJØVIK
0%
2818 GJØVIK
0%
2819 GJØVIK
0%
2821 GJØVIK
0%
2825 GJØVIK
0%
7372 GLÅMOS
0%
5381 GLESVÆR
0%
8160 GLOMFJORD
0%
8161 GLOMFJORD
0%
6054 GODØYA
0%
6055 GODØYA
0%
5179 GODVIK
0%
3550 GOL
0%
3551 GOL
0%
1712 GRÅLUM
0%
1713 GRÅLUM
0%
1714 GRÅLUM
0%
2711 GRAN
0%
2750 GRAN
0%
2210 GRANLI
0%
3691 GRANSHERAD
0%
5733 GRANVIN
0%
5736 GRANVIN
0%
9470 GRATANGEN
0%
9471 GRATANGEN
0%
2438 GRAVBERGET
0%
8372 GRAVDAL
0%
8377 GRAVDAL
0%
1718 GREÅKER
0%
1719 GREÅKER
0%
1720 GREÅKER
0%
4742 GRENDI
0%
1620 GRESSVIK
0%
1621 GRESSVIK
0%
1622 GRESSVIK
0%
1623 GRESSVIK
0%
1624 GRESSVIK
0%
5777 GRIMO
0%
2582 GRIMSBU
0%
4876 GRIMSTAD
0%
4877 GRIMSTAD
0%
4878 GRIMSTAD
0%
4879 GRIMSTAD
0%
4884 GRIMSTAD
0%
4885 GRIMSTAD
0%
4886 GRIMSTAD
0%
4887 GRIMSTAD
0%
4891 GRIMSTAD
0%
4892 GRIMSTAD
0%
4893 GRIMSTAD
0%
4894 GRIMSTAD
0%
4896 GRIMSTAD
0%
4898 GRIMSTAD
0%
2264 GRINDER
0%
2720 GRINDVOLL
0%
6612 GRØA
0%
7870 GRONG
0%
7871 GRONG
0%
9423 GRØTAVÆR
0%
2695 GROTLI
0%
9446 GROVFJORD
0%
9447 GROVFJORD
0%
2717 GRUA
0%
2742 GRUA
0%
2251 GRUE FINNSKOG
0%
2256 GRUE FINNSKOG
0%
9379 GRYLLEFJORD
0%
9380 GRYLLEFJORD
0%
6966 GUDDAL
0%
5747 GUDVANGEN
0%
5749 GUDVANGEN
0%
3426 GULLAUG
0%
3427 GULLAUG
0%
3428 GULLAUG
0%
8409 GULLESFJORD
0%
6082 GURSKEN
0%
6079 GURSKØY
0%
6080 GURSKØY
0%
7993 GUTVIK
0%
3810 GVARV
0%
3834 GVARV
0%
4436 GYLAND
0%
6064 HADDAL
0%
4720 HÆGELAND
0%
4721 HÆGELAND
0%
1878 HÆRLAND
0%
4041 HAFRSFJORD
0%
4042 HAFRSFJORD
0%
4043 HAFRSFJORD
0%
4044 HAFRSFJORD
0%
4045 HAFRSFJORD
0%
4046 HAFRSFJORD
0%
4047 HAFRSFJORD
0%
4048 HAFRSFJORD
0%
4049 HAFRSFJORD
0%
4089 HAFRSFJORD
0%
4090 HAFRSFJORD
0%
4091 HAFRSFJORD
0%
6867 HAFSLO
0%
6869 HAFSLO
0%
1733 HAFSLUNDSØY
0%
1734 HAFSLUNDSØY
0%
1481 HAGAN
0%
1483 HAGAN
0%
5217 HAGAVIK
0%
1484 HAKADAL
0%
1485 HAKADAL
0%
1487 HAKADAL
0%
1488 HAKADAL
0%
9532 HAKKSTABBEN
0%
1751 HALDEN
0%
1752 HALDEN
0%
1753 HALDEN
0%
1754 HALDEN
0%
1757 HALDEN
0%
1759 HALDEN
0%
1760 HALDEN
0%
1761 HALDEN
0%
1762 HALDEN
0%
1763 HALDEN
0%
1764 HALDEN
0%
1765 HALDEN
0%
1766 HALDEN
0%
1767 HALDEN
0%
1768 HALDEN
0%
1769 HALDEN
0%
1771 HALDEN
0%
1772 HALDEN
0%
1776 HALDEN
0%
1777 HALDEN
0%
1778 HALDEN
0%
1779 HALDEN
0%
1781 HALDEN
0%
1782 HALDEN
0%
1783 HALDEN
0%
1784 HALDEN
0%
1785 HALDEN
0%
1786 HALDEN
0%
1787 HALDEN
0%
1788 HALDEN
0%
3525 HALLINGBY
0%
3526 HALLINGBY
0%
8178 HALSA
0%
8179 HALSA
0%
6680 HALSANAUSTAN
0%
5455 HALSNØY KLOSTER
0%
7383 HALTDALEN
0%
2301 HAMAR
0%
2302 HAMAR
0%
2303 HAMAR
0%
2304 HAMAR
0%
2305 HAMAR
0%
2306 HAMAR
0%
2307 HAMAR
0%
2308 HAMAR
0%
2309 HAMAR
0%
2311 HAMAR
0%
2315 HAMAR
0%
2316 HAMAR
0%
2317 HAMAR
0%
2318 HAMAR
0%
2319 HAMAR
0%
2321 HAMAR
0%
2325 HAMAR
0%
2326 HAMAR
0%
8294 HAMARØY
0%
8298 HAMARØY
0%
7263 HAMARVIK
0%
7264 HAMARVIK
0%
9600 HAMMERFEST
0%
9601 HAMMERFEST
0%
9602 HAMMERFEST
0%
9603 HAMMERFEST
0%
9615 HAMMERFEST
0%
9616 HAMMERFEST
0%
9181 HAMNEIDET
0%
9450 HAMNVIK
0%
9451 HAMNVIK
0%
4656 HAMRESANDEN
0%
2478 HANESTAD
0%
9130 HANSNES
0%
9134 HANSNES
0%
6290 HARAMSØY
0%
6291 HARAMSØY
0%
7981 HARANGSFJORD
0%
6921 HARDBAKKE
0%
6924 HARDBAKKE
0%
6060 HAREID
0%
6069 HAREID
0%
2716 HARESTUA
0%
2743 HARESTUA
0%
6287 HARØY
0%
6296 HARØY
0%
7873 HARRAN
0%
7874 HARRAN
0%
9402 HARSTAD
0%
9403 HARSTAD
0%
9404 HARSTAD
0%
9405 HARSTAD
0%
9406 HARSTAD
0%
9407 HARSTAD
0%
9408 HARSTAD
0%
9409 HARSTAD
0%
9411 HARSTAD
0%
9414 HARSTAD
0%
9415 HARSTAD
0%
9416 HARSTAD
0%
9479 HARSTAD
0%
9480 HARSTAD
0%
9481 HARSTAD
0%
9482 HARSTAD
0%
9483 HARSTAD
0%
9484 HARSTAD
0%
9485 HARSTAD
0%
9486 HARSTAD
0%
9487 HARSTAD
0%
9488 HARSTAD
0%
9489 HARSTAD
0%
9496 HARSTAD
0%
9497 HARSTAD
0%
9498 HARSTAD
0%
2437 HASLEMOEN
0%
1305 HASLUM
0%
1344 HASLUM
0%
7111 HASSELVIKA
0%
7112 HASSELVIKA
0%
7746 HASVÅG
0%
9590 HASVIK
0%
9591 HASVIK
0%
5635 HATLESTRAND
0%
8691 HATTFJELLDAL
0%
8692 HATTFJELLDAL
0%
8693 HATTFJELLDAL
0%
8694 HATTFJELLDAL
0%
8695 HATTFJELLDAL
0%
8696 HATTFJELLDAL
0%
3595 HAUGASTØL
0%
4380 HAUGE I DALANE
0%
4381 HAUGE I DALANE
0%
5501 HAUGESUND
0%
5502 HAUGESUND
0%
5503 HAUGESUND
0%
5504 HAUGESUND
0%
5505 HAUGESUND
0%
5506 HAUGESUND
0%
5507 HAUGESUND
0%
5509 HAUGESUND
0%
5511 HAUGESUND
0%
5512 HAUGESUND
0%
5514 HAUGESUND
0%
5515 HAUGESUND
0%
5516 HAUGESUND
0%
5517 HAUGESUND
0%
5518 HAUGESUND
0%
5519 HAUGESUND
0%
5521 HAUGESUND
0%
5522 HAUGESUND
0%
5523 HAUGESUND
0%
5525 HAUGESUND
0%
5527 HAUGESUND
0%
5528 HAUGESUND
0%
5529 HAUGESUND
0%
5531 HAUGESUND
0%
5532 HAUGESUND
0%
5533 HAUGESUND
0%
5534 HAUGESUND
0%
5535 HAUGESUND
0%
5536 HAUGESUND
0%
5537 HAUGESUND
0%
5538 HAUGESUND
0%
5310 HAUGLANDSHELLA
0%
5327 HAUGLANDSHELLA
0%
5983 HAUGSVÆR
0%
5985 HAUGSVÆR
0%
6818 HAUKEDALEN
0%
5268 HAUKELAND
0%
5286 HAUS
0%
5299 HAUS
0%
4265 HÅVIK
0%
9159 HAVNNES
0%
9690 HAVØYSUND
0%
9691 HAVØYSUND
0%
4235 HEBNES
0%
3528 HEDALEN
0%
1380 HEGGEDAL
0%
1389 HEGGEDAL
0%
2939 HEGGENES
0%
2940 HEGGENES
0%
7520 HEGRA
0%
7529 HEGRA
0%
2676 HEIDAL
0%
7072 HEIMDAL
0%
7080 HEIMDAL
0%
7088 HEIMDAL
0%
7089 HEIMDAL
0%
3608 HEISTADMOEN
0%
3295 HELGEROA
0%
3297 HELGEROA
0%
4167 HELGØY I RYFYLKE
0%
7517 HELL
0%
7570 HELL
0%
7206 HELLANDSJØEN
0%
3790 HELLE
0%
3794 HELLE
0%
4376 HELLELAND
0%
4385 HELLELAND
0%
5334 HELLESØY
0%
6218 HELLESYLT
0%
6219 HELLESYLT
0%
6967 HELLEVIK I FJALER
0%
8095 HELLIGVÆR
0%
4375 HELLVIK
0%
1970 HEMNES
0%
1971 HEMNES
0%
8640 HEMNESBERGET
0%
8641 HEMNESBERGET
0%
7256 HEMNSKJELA
0%
3560 HEMSEDAL
0%
3561 HEMSEDAL
0%
8414 HENNES
0%
8311 HENNINGSVÆR
0%
8312 HENNINGSVÆR
0%
7744 HEPSØY
0%
2415 HERADSBYGD
0%
2442 HERADSBYGD
0%
5628 HERAND
0%
5315 HERDLA
0%
4766 HEREFOSS
0%
1690 HERFØL
0%
5335 HERNAR
0%
2410 HERNES
0%
8850 HERØY
0%
8851 HERØY
0%
8852 HERØY
0%
5462 HERØYSUNDET
0%
3965 HERRE
0%
3999 HERRE
0%
6929 HERSVIKBYGDA
0%
5566 HERVIK
0%
9912 HESSENG
0%
9916 HESSENG
0%
6828 HESTENESØYRA
0%
7247 HESTVIKA
0%
5304 HETLEVIK
0%
4432 HIDRASUND
0%
6272 HILDRE
0%
4817 HIS
0%
4853 HIS
0%
7239 HITRA
0%
7240 HITRA
0%
3690 HJARTDAL
0%
6798 HJELLEDALEN
0%
5259 HJELLESTAD
0%
5915 HJELMÅS
0%
4130 HJELMELAND
0%
4148 HJELMELAND
0%
6450 HJELSET
0%
6454 HJELSET
0%
2661 HJERKINN
0%
6063 HJØRUNGAVÅG
0%
1827 HOBØL
0%
1828 HOBØL
0%
3090 HOF
0%
3091 HOF
0%
2217 HOKKÅSEN
0%
3300 HOKKSUND
0%
3301 HOKKSUND
0%
3302 HOKKSUND
0%
3303 HOKKSUND
0%
3576 HOL
0%
1550 HØLEN
0%
9444 HOL I TJELDSUND
0%
6982 HOLMEDAL
0%
5642 HOLMEFJORD
0%
3080 HOLMESTRAND
0%
3081 HOLMESTRAND
0%
3082 HOLMESTRAND
0%
3083 HOLMESTRAND
0%
3084 HOLMESTRAND
0%
3085 HOLMESTRAND
0%
3086 HOLMESTRAND
0%
3087 HOLMESTRAND
0%
3088 HOLMESTRAND
0%
3089 HOLMESTRAND
0%
6779 HOLMØYANE
0%
3484 HOLMSBU
0%
2034 HOLTER
0%
2035 HOLTER
0%
4519 HOLUM
0%
4888 HOMBORSUND
0%
7550 HOMMELVIK
0%
7551 HOMMELVIK
0%
4310 HOMMERSÅK
0%
4311 HOMMERSÅK
0%
4395 HOMMERSÅK
0%
3501 HØNEFOSS
0%
3502 HØNEFOSS
0%
3503 HØNEFOSS
0%
3504 HØNEFOSS
0%
3507 HØNEFOSS
0%
3510 HØNEFOSS
0%
3511 HØNEFOSS
0%
3512 HØNEFOSS
0%
3513 HØNEFOSS
0%
3514 HØNEFOSS
0%
3515 HØNEFOSS
0%
3516 HØNEFOSS
0%
3517 HØNEFOSS
0%
3518 HØNEFOSS
0%
3519 HØNEFOSS
0%
9750 HONNINGSVÅG
0%
9751 HONNINGSVÅG
0%
9174 HOPEN
0%
6796 HOPLAND
0%
5108 HORDVIK
0%
6761 HORNINDAL
0%
6763 HORNINDAL
0%
4737 HORNNES
0%
3811 HØRTE
0%
3181 HORTEN
0%
3182 HORTEN
0%
3183 HORTEN
0%
3186 HORTEN
0%
3187 HORTEN
0%
3188 HORTEN
0%
3189 HORTEN
0%
3191 HORTEN
0%
3192 HORTEN
0%
3193 HORTEN
0%
3194 HORTEN
0%
3196 HORTEN
0%
1362 HOSLE
0%
5986 HOSTELAND
0%
5987 HOSTELAND
0%
2860 HOV
0%
2867 HOV
0%
4770 HØVÅG
0%
4793 HØVÅG
0%
6160 HOVDEBYGDA
0%
6161 HOVDEBYGDA
0%
4755 HOVDEN I SETESDAL
0%
4756 HOVDEN I SETESDAL
0%
3577 HOVET
0%
1322 HØVIK
0%
1323 HØVIK
0%
1328 HØVIK
0%
1363 HØVIK
0%
1311 HØVIKODDEN
0%
7236 HOVIN I GAULDAL
0%
7238 HOVIN I GAULDAL
0%
3652 HOVIN I TELEMARK
0%
5773 HOVLAND
0%
2673 HØVRINGEN
0%
4462 HOVSHERAD
0%
6991 HØYANGER
0%
6993 HØYANGER
0%
3891 HØYDALSMO
0%
6875 HØYHEIMSVIK
0%
7877 HØYLANDET
0%
7878 HØYLANDET
0%
5457 HØYLANDSBYGD
0%
5413 HUGLO
0%
6224 HUNDEIDVIK
0%
4077 HUNDVÅG
0%
4083 HUNDVÅG
0%
4085 HUNDVÅG
0%
4086 HUNDVÅG
0%
5956 HUNDVIN
0%
2807 HUNNDALEN
0%
2811 HUNNDALEN
0%
2827 HUNNDALEN
0%
2090 HURDAL
0%
2091 HURDAL
0%
8723 HUSBY
0%
7113 HUSBYSJØEN
0%
7115 HUSBYSJØEN
0%
6716 HUSEVÅG
0%
5460 HUSNES
0%
5480 HUSNES
0%
9389 HUSØY I SENJA
0%
3131 HUSØYSUND
0%
3132 HUSØYSUND
0%
6433 HUSTAD
0%
1395 HVALSTAD
0%
2165 HVAM
0%
2167 HVAM
0%
3148 HVASSER
0%
1545 HVITSTEN
0%
3646 HVITTINGFOSS
0%
3647 HVITTINGFOSS
0%
6829 HYEN
0%
6831 HYEN
0%
3442 HYGGEN
0%
5109 HYLKJE
0%
6951 HYLLESTAD
0%
6957 HYLLESTAD
0%
4830 HYNNEKLEIV
0%
4102 IDSE
0%
6222 IKORNNES
0%
6223 IKORNNES
0%
2344 ILSENG
0%
2346 ILSENG
0%
7670 INDERØY
0%
7671 INDERØY
0%
7672 INDERØY
0%
5260 INDRE ARNA
0%
5261 INDRE ARNA
0%
9710 INDRE BILLEFJORD
0%
8743 INDRE KVARØY
0%
7944 INDRE NÆRØY
0%
2323 INGEBERG
0%
9672 INGØY
0%
8138 INNDYR
0%
8140 INNDYR
0%
6315 INNFJORDEN
0%
8260 INNHAVET
0%
8261 INNHAVET
0%
6793 INNVIK
0%
6794 INNVIK
0%
5902 ISDALSTØ
0%
5903 ISDALSTØ
0%
5904 ISDALSTØ
0%
5908 ISDALSTØ
0%
5914 ISDALSTØ
0%
5916 ISDALSTØ
0%
1730 ISE
0%
6320 ISFJORDEN
0%
6339 ISFJORDEN
0%
4724 IVELAND
0%
4725 IVELAND
0%
7059 JAKOBSLI
0%
8099 JAN MAYEN
0%
1308 JAR
0%
1358 JAR
0%
2714 JAREN
0%
2770 JAREN
0%
9911 JARFJORD
0%
8187 JEKTVIK
0%
8192 JEKTVIK
0%
4234 JELSA
0%
7335 JERPSTAD
0%
2050 JESSHEIM
0%
2051 JESSHEIM
0%
2052 JESSHEIM
0%
2053 JESSHEIM
0%
2057 JESSHEIM
0%
2062 JESSHEIM
0%
2063 JESSHEIM
0%
2066 JESSHEIM
0%
2067 JESSHEIM
0%
2068 JESSHEIM
0%
2069 JESSHEIM
0%
3520 JEVNAKER
0%
3521 JEVNAKER
0%
7856 JØA
0%
9163 JØKELFJORD
0%
3781 JOMFRULAND
0%
2416 JØMNA
0%
5627 JONDAL
0%
5629 JONDAL
0%
7057 JONSVATNET
0%
2430 JORDET
0%
4100 JØRPELAND
0%
4103 JØRPELAND
0%
4104 JØRPELAND
0%
4105 JØRPELAND
0%
4126 JØRPELAND
0%
4134 JØSENFJORDEN
0%
6871 JOSTEDAL
0%
9043 JØVIK
0%
8309 KABELVÅG
0%
8310 KABELVÅG
0%
5229 KALANDSEIDET
0%
9395 KALDFARNES
0%
6728 KALVÅG
0%
6729 KALVÅG
0%
9762 KAMØYVÆR
0%
3483 KANA
0%
2849 KAPP
0%
2858 KAPP
0%
9730 KARASJOK
0%
9731 KARASJOK
0%
9732 KARASJOK
0%
9733 KARASJOK
0%
9734 KARASJOK
0%
9735 KARASJOK
0%
9736 KARASJOK
0%
9737 KARASJOK
0%
4609 KARDEMOMME BY
0%
9657 KÅRHAMN
0%
9138 KARLSØY
0%
9322 KARLSTAD
0%
5508 KARMSUND
0%
5542 KARMSUND
0%
9131 KÅRVIK
0%
7082 KATTEM
0%
6849 KAUPANGER
0%
6854 KAUPANGER
0%
9520 KAUTOKEINO
0%
9521 KAUTOKEINO
0%
9522 KAUTOKEINO
0%
9523 KAUTOKEINO
0%
9524 KAUTOKEINO
0%
9527 KAUTOKEINO
0%
9528 KAUTOKEINO
0%
9529 KAUTOKEINO
0%
9960 KIBERG
0%
6912 KINN
0%
5780 KINSARVIK
0%
5782 KINSARVIK
0%
5788 KINSARVIK
0%
2260 KIRKENÆR
0%
2261 KIRKENÆR
0%
9900 KIRKENES
0%
9901 KIRKENES
0%
9915 KIRKENES
0%
9917 KIRKENES
0%
8543 KJELDEBOTN
0%
2007 KJELLER
0%
2027 KJELLER
0%
5311 KJERRGARDEN
0%
5314 KJERRGARDEN
0%
8093 KJERRINGØY
0%
6292 KJERSTAD
0%
4657 KJEVIK
0%
9790 KJØLLEFJORD
0%
6776 KJØLSDALEN
0%
3141 KJØPMANNSKJÆR
0%
3143 KJØPMANNSKJÆR
0%
8590 KJØPSVIK
0%
8591 KJØPSVIK
0%
6699 KJØRSVIKBUGEN
0%
9424 KJØTTA
0%
7540 KLÆBU
0%
7541 KLÆBU
0%
1742 KLAVESTADHAUGEN
0%
1743 KLAVESTADHAUGEN
0%
6452 KLEIVE
0%
6453 KLEIVE
0%
4350 KLEPPE
0%
4351 KLEPPE
0%
4352 KLEPPE
0%
4358 KLEPPE
0%
5300 KLEPPESTØ
0%
5301 KLEPPESTØ
0%
5308 KLEPPESTØ
0%
5309 KLEPPESTØ
0%
5319 KLEPPESTØ
0%
5321 KLEPPESTØ
0%
5322 KLEPPESTØ
0%
5323 KLEPPESTØ
0%
8313 KLEPPSTAD
0%
4353 KLEPP STASJON
0%
4357 KLEPP STASJON
0%
2040 KLØFTA
0%
2041 KLØFTA
0%
3490 KLOKKARSTUA
0%
5378 KLOKKARVIK
0%
2130 KNAPPER
0%
1823 KNAPSTAD
0%
5345 KNARREVIK
0%
5355 KNARREVIK
0%
7242 KNARRLAGSUND
0%
7244 KNARRLAGSUND
0%
3243 KODAL
0%
3245 KODAL
0%
9715 KOKELV
0%
5257 KOKSTAD
0%
5394 KOLBEINSVIK
0%
4816 KOLBJØRNSVIK
0%
1410 KOLBOTN
0%
1411 KOLBOTN
0%
1418 KOLBOTN
0%
2844 KOLBU
0%
2847 KOLBU
0%
6928 KOLGROV
0%
5360 KOLLTVEIT
0%
4528 KOLLUNGTVEIT
0%
5541 KOLNES
0%
1333 KOLSÅS
0%
1352 KOLSÅS
0%
7970 KOLVEREID
0%
7971 KOLVEREID
0%
3601 KONGSBERG
0%
3602 KONGSBERG
0%
3603 KONGSBERG
0%
3604 KONGSBERG
0%
3605 KONGSBERG
0%
3606 KONGSBERG
0%
3607 KONGSBERG
0%
3609 KONGSBERG
0%
3610 KONGSBERG
0%
3611 KONGSBERG
0%
3612 KONGSBERG
0%
3613 KONGSBERG
0%
3614 KONGSBERG
0%
3615 KONGSBERG
0%
3616 KONGSBERG
0%
3617 KONGSBERG
0%
9982 KONGSFJORD
0%
4812 KONGSHAVN
0%
9533 KONGSHUS
0%
7876 KONGSMOEN
0%
9436 KONGSVIK
0%
2201 KONGSVINGER
0%
2202 KONGSVINGER
0%
2203 KONGSVINGER
0%
2204 KONGSVINGER
0%
2205 KONGSVINGER
0%
2206 KONGSVINGER
0%
2207 KONGSVINGER
0%
2208 KONGSVINGER
0%
2209 KONGSVINGER
0%
2211 KONGSVINGER
0%
2212 KONGSVINGER
0%
2213 KONGSVINGER
0%
2214 KONGSVINGER
0%
2225 KONGSVINGER
0%
2226 KONGSVINGER
0%
4525 KONSMO
0%
4526 KONSMO
0%
8752 KONSVIKOSEN
0%
4250 KOPERVIK
0%
4291 KOPERVIK
0%
4294 KOPERVIK
0%
2480 KOPPANG
0%
2481 KOPPANG
0%
7533 KOPPERÅ
0%
8646 KORGEN
0%
8648 KORGEN
0%
1796 KORNSJØ
0%
9536 KORSFJORDEN
0%
4586 KORSHAMN
0%
6964 KORSSUND
0%
7211 KORSVEGEN
0%
7212 KORSVEGEN
0%
6455 KORTGARDEN
0%
3770 KRAGERØ
0%
3772 KRAGERØ
0%
3789 KRAGERØ
0%
3791 KRAGERØ
0%
3783 KRAGERØ SKJÆRGÅRD
0%
1670 KRÅKERØY
0%
1671 KRÅKERØY
0%
1672 KRÅKERØY
0%
1673 KRÅKERØY
0%
1675 KRÅKERØY
0%
1676 KRÅKERØY
0%
1678 KRÅKERØY
0%
1679 KRÅKERØY
0%
6926 KRAKHELLA
0%
9453 KRÅKRØHAMN
0%
1408 KRÅKSTAD
0%
7152 KRÅKVÅG
0%
4604 KRISTIANSAND S
0%
4605 KRISTIANSAND S
0%
4606 KRISTIANSAND S
0%
4608 KRISTIANSAND S
0%
4610 KRISTIANSAND S
0%
4611 KRISTIANSAND S
0%
4612 KRISTIANSAND S
0%
4613 KRISTIANSAND S
0%
4614 KRISTIANSAND S
0%
4615 KRISTIANSAND S
0%
4616 KRISTIANSAND S
0%
4617 KRISTIANSAND S
0%
4618 KRISTIANSAND S
0%
4620 KRISTIANSAND S
0%
4621 KRISTIANSAND S
0%
4622 KRISTIANSAND S
0%
4623 KRISTIANSAND S
0%
4624 KRISTIANSAND S
0%
4626 KRISTIANSAND S
0%
4628 KRISTIANSAND S
0%
4629 KRISTIANSAND S
0%
4630 KRISTIANSAND S
0%
4631 KRISTIANSAND S
0%
4632 KRISTIANSAND S
0%
4633 KRISTIANSAND S
0%
4634 KRISTIANSAND S
0%
4635 KRISTIANSAND S
0%
4636 KRISTIANSAND S
0%
4637 KRISTIANSAND S
0%
4638 KRISTIANSAND S
0%
4639 KRISTIANSAND S
0%
4661 KRISTIANSAND S
0%
4662 KRISTIANSAND S
0%
4663 KRISTIANSAND S
0%
4664 KRISTIANSAND S
0%
4665 KRISTIANSAND S
0%
4666 KRISTIANSAND S
0%
4670 KRISTIANSAND S
0%
4671 KRISTIANSAND S
0%
4673 KRISTIANSAND S
0%
4674 KRISTIANSAND S
0%
4675 KRISTIANSAND S
0%
4676 KRISTIANSAND S
0%
4677 KRISTIANSAND S
0%
4678 KRISTIANSAND S
0%
4686 KRISTIANSAND S
0%
4687 KRISTIANSAND S
0%
4688 KRISTIANSAND S
0%
4689 KRISTIANSAND S
0%
4691 KRISTIANSAND S
0%
4693 KRISTIANSAND S
0%
4694 KRISTIANSAND S
0%
4695 KRISTIANSAND S
0%
4696 KRISTIANSAND S
0%
4697 KRISTIANSAND S
0%
4698 KRISTIANSAND S
0%
6501 KRISTIANSUND N
0%
6502 KRISTIANSUND N
0%
6503 KRISTIANSUND N
0%
6504 KRISTIANSUND N
0%
6507 KRISTIANSUND N
0%
6508 KRISTIANSUND N
0%
6509 KRISTIANSUND N
0%
6510 KRISTIANSUND N
0%
6511 KRISTIANSUND N
0%
6512 KRISTIANSUND N
0%
6514 KRISTIANSUND N
0%
6515 KRISTIANSUND N
0%
6516 KRISTIANSUND N
0%
6517 KRISTIANSUND N
0%
6518 KRISTIANSUND N
0%
6546 KRISTIANSUND N
0%
6547 KRISTIANSUND N
0%
6548 KRISTIANSUND N
0%
3535 KRØDEREN
0%
3537 KRØDEREN
0%
9022 KROKELVDALEN
0%
9023 KROKELVDALEN
0%
3531 KROKKLEIVA
0%
3546 KROKKLEIVA
0%
3054 KROKSTADELVA
0%
3055 KROKSTADELVA
0%
9742 KUNES
0%
1479 KURLAND
0%
7228 KVÅL
0%
4264 KVALAVÅG
0%
9531 KVALFJORD
0%
9103 KVALØYA
0%
9104 KVALØYA
0%
9105 KVALØYA
0%
9107 KVALØYA
0%
9108 KVALØYA
0%
9109 KVALØYA
0%
9100 KVALØYSLETTA
0%
9101 KVALØYSLETTA
0%
9102 KVALØYSLETTA
0%
9620 KVALSUND
0%
9621 KVALSUND
0%
2641 KVAM
0%
2642 KVAM
0%
6983 KVAMMEN
0%
6086 KVAMSØY
0%
6087 KVAMSØY
0%
6640 KVANNE
0%
4588 KVÅS
0%
3282 KVELDE
0%
3284 KVELDE
0%
7243 KVENVÆR
0%
7245 KVENVÆR
0%
4355 KVERNALAND
0%
4356 KVERNALAND
0%
7266 KVERVA
0%
7267 KVERVA
0%
9519 KVIBY
0%
2512 KVIKNE
0%
4480 KVINESDAL
0%
4490 KVINESDAL
0%
4491 KVINESDAL
0%
4492 KVINESDAL
0%
4473 KVINLOG
0%
6674 KVISVIK
0%
6675 KVISVIK
0%
3836 KVITESEID
0%
3850 KVITESEID
0%
8413 KVITNES
0%
4180 KVITSØY
0%
4181 KVITSØY
0%
6995 KYRKJEBØ
0%
7200 KYRKSÆTERØRA
0%
7201 KYRKSÆTERØRA
0%
5626 KYSNESSTRAND
0%
6886 LÆRDAL
0%
6887 LÆRDAL
0%
9700 LAKSELV
0%
9711 LAKSELV
0%
9712 LAKSELV
0%
9045 LAKSELVBUKT
0%
5160 LAKSEVÅG
0%
5161 LAKSEVÅG
0%
5162 LAKSEVÅG
0%
5163 LAKSEVÅG
0%
5164 LAKSEVÅG
0%
5165 LAKSEVÅG
0%
9042 LAKSVATN
0%
2681 LALM
0%
2682 LALM
0%
3621 LAMPELAND
0%
3623 LAMPELAND
0%
2861 LANDÅSBYGDA
0%
8098 LANDEGODE
0%
3947 LANGANGEN
0%
3970 LANGESUND
0%
3993 LANGESUND
0%
3994 LANGESUND
0%
6030 LANGEVÅG
0%
6039 LANGEVÅG
0%
9545 LANGFJORDBOTN
0%
9583 LANGFJORDHAMN
0%
9772 LANGFJORDNES
0%
1403 LANGHUS
0%
1405 LANGHUS
0%
9651 LANGSTRAND
0%
1560 LARKOLLEN
0%
1561 LARKOLLEN
0%
6084 LARSNES
0%
6085 LARSNES
0%
3251 LARVIK
0%
3252 LARVIK
0%
3253 LARVIK
0%
3254 LARVIK
0%
3255 LARVIK
0%
3256 LARVIK
0%
3257 LARVIK
0%
3258 LARVIK
0%
3259 LARVIK
0%
3260 LARVIK
0%
3261 LARVIK
0%
3262 LARVIK
0%
3263 LARVIK
0%
3264 LARVIK
0%
3265 LARVIK
0%
3267 LARVIK
0%
3268 LARVIK
0%
3269 LARVIK
0%
3270 LARVIK
0%
3271 LARVIK
0%
3274 LARVIK
0%
3285 LARVIK
0%
9194 LAUKSLETTA
0%
8315 LAUKVIK
0%
8316 LAUPSTAD
0%
6133 LAUVSTAD
0%
6134 LAUVSTAD
0%
6946 LAVIK
0%
6947 LAVIK
0%
9740 LEBESBY
0%
6861 LEIKANGER
0%
6863 LEIKANGER
0%
8285 LEINES
0%
8281 LEINESFJORD
0%
8283 LEINESFJORD
0%
6094 LEINØY
0%
7083 LEINSTRAND
0%
2907 LEIRA I VALDRES
0%
2920 LEIRA I VALDRES
0%
8890 LEIRFJORD
0%
8891 LEIRFJORD
0%
2015 LEIRSUND
0%
6953 LEIRVIK I SOGN
0%
7994 LEKA
0%
7995 LEKA
0%
8370 LEKNES
0%
8376 LEKNES
0%
7156 LEKSA
0%
7120 LEKSVIK
0%
7121 LEKSVIK
0%
2850 LENA
0%
2851 LENA
0%
7315 LENSVIK
0%
7316 LENSVIK
0%
5213 LEPSØY
0%
5216 LEPSØY
0%
7234 LER
0%
7235 LER
0%
2665 LESJA
0%
2671 LESJA
0%
2668 LESJASKOG
0%
2667 LESJAVERK
0%
6698 LESUND
0%
7600 LEVANGER
0%
7601 LEVANGER
0%
7602 LEVANGER
0%
7603 LEVANGER
0%
7604 LEVANGER
0%
7605 LEVANGER
0%
7606 LEVANGER
0%
7607 LEVANGER
0%
7608 LEVANGER
0%
7609 LEVANGER
0%
7610 LEVANGER
0%
6212 LIABYGDA
0%
3401 LIER
0%
3402 LIER
0%
3403 LIER
0%
3404 LIER
0%
3405 LIER
0%
3413 LIER
0%
3420 LIERSKOGEN
0%
3421 LIERSKOGEN
0%
3412 LIERSTRANDA
0%
3414 LIERSTRANDA
0%
8534 LILAND
0%
2601 LILLEHAMMER
0%
2602 LILLEHAMMER
0%
2603 LILLEHAMMER
0%
2604 LILLEHAMMER
0%
2605 LILLEHAMMER
0%
2606 LILLEHAMMER
0%
2608 LILLEHAMMER
0%
2609 LILLEHAMMER
0%
2611 LILLEHAMMER
0%
2613 LILLEHAMMER
0%
2614 LILLEHAMMER
0%
2615 LILLEHAMMER
0%
2617 LILLEHAMMER
0%
2618 LILLEHAMMER
0%
2619 LILLEHAMMER
0%
2622 LILLEHAMMER
0%
2623 LILLEHAMMER
0%
2624 LILLEHAMMER
0%
2626 LILLEHAMMER
0%
2629 LILLEHAMMER
0%
4790 LILLESAND
0%
4791 LILLESAND
0%
4792 LILLESAND
0%
4794 LILLESAND
0%
2000 LILLESTRØM
0%
2001 LILLESTRØM
0%
2003 LILLESTRØM
0%
2004 LILLESTRØM
0%
2012 LILLESTRØM
0%
2028 LILLESTRØM
0%
7897 LIMINGEN
0%
7898 LIMINGEN
0%
5951 LINDÅS
0%
5955 LINDÅS
0%
4520 LINDESNES
0%
4521 LINDESNES
0%
4522 LINDESNES
0%
4523 LINDESNES
0%
4524 LINDESNES
0%
7176 LINESØYA
0%
2616 LISMARKA
0%
5388 LITLAKALSØY
0%
2425 LJØRDALEN
0%
2426 LJØRDALEN
0%
5171 LODDEFJORD
0%
5172 LODDEFJORD
0%
5173 LODDEFJORD
0%
5176 LODDEFJORD
0%
5178 LODDEFJORD
0%
8410 LØDINGEN
0%
8411 LØDINGEN
0%
6789 LOEN
0%
6790 LOEN
0%
5474 LØFALLSTRAND
0%
5781 LOFTHUS
0%
5787 LOFTHUS
0%
1960 LØKEN
0%
1961 LØKEN
0%
7331 LØKKEN VERK
0%
7332 LØKKEN VERK
0%
8813 LØKTA
0%
2686 LOM
0%
2688 LOM
0%
2967 LOMEN
0%
1329 LOMMEDALEN
0%
1350 LOMMEDALEN
0%
5282 LONEVÅG
0%
5293 LONEVÅG
0%
6293 LONGVA
0%
9170 LONGYEARBYEN
0%
9171 LONGYEARBYEN
0%
8447 LONKAN
0%
7342 LØNSET
0%
9586 LOPPA
0%
2666 LORA
0%
1461 LØRENSKOG
0%
1470 LØRENSKOG
0%
1471 LØRENSKOG
0%
1473 LØRENSKOG
0%
1474 LØRENSKOG
0%
1478 LØRENSKOG
0%
6778 LOTE
0%
2340 LØTEN
0%
2341 LØTEN
0%
2006 LØVENSTAD
0%
2018 LØVENSTAD
0%
8764 LOVUND
0%
7818 LUND
0%
7231 LUNDAMO
0%
7232 LUNDAMO
0%
3825 LUNDE
0%
3832 LUNDE
0%
5690 LUNDEGREND
0%
9420 LUNDENES
0%
2218 LUNDERSÆTER
0%
2715 LUNNER
0%
2730 LUNNER
0%
8766 LURØY
0%
6872 LUSTER
0%
6874 LUSTER
0%
4347 LYE
0%
4348 LYE
0%
4575 LYNGDAL
0%
4576 LYNGDAL
0%
4577 LYNGDAL
0%
4579 LYNGDAL
0%
4580 LYNGDAL
0%
3624 LYNGDAL I NUMEDAL
0%
4910 LYNGØR
0%
9060 LYNGSEIDET
0%
9069 LYNGSEIDET
0%
6493 LYNGSTAD
0%
1324 LYSAKER
0%
1325 LYSAKER
0%
1326 LYSAKER
0%
1327 LYSAKER
0%
1366 LYSAKER
0%
4127 LYSEBOTN
0%
5214 LYSEKLOSTER
0%
5215 LYSEKLOSTER
0%
7164 LYSØYSUNDET
0%
7168 LYSØYSUNDET
0%
2240 MAGNOR
0%
2241 MAGNOR
0%
7790 MALM
0%
7791 MALM
0%
6445 MALMEFJORDEN
0%
6700 MÅLØY
0%
6701 MÅLØY
0%
6702 MÅLØY
0%
6703 MÅLØY
0%
7563 MALVIK
0%
4501 MANDAL
0%
4502 MANDAL
0%
4503 MANDAL
0%
4504 MANDAL
0%
4507 MANDAL
0%
4508 MANDAL
0%
4509 MANDAL
0%
4513 MANDAL
0%
4514 MANDAL
0%
4515 MANDAL
0%
4516 MANDAL
0%
4517 MANDAL
0%
6385 MÅNDALEN
0%
6386 MÅNDALEN
0%
5931 MANGER
0%
5936 MANGER
0%
1625 MANSTAD
0%
1626 MANSTAD
0%
6873 MARIFJØRA
0%
7622 MARKABYGDA
0%
5596 MARKHUS
0%
4534 MARNARDAL
0%
4535 MARNARDAL
0%
5981 MASFJORDNES
0%
5982 MASFJORDNES
0%
9692 MÅSØY
0%
5174 MATHOPEN
0%
2235 MATRAND
0%
5498 MATRE
0%
5984 MATREDAL
0%
2032 MAURA
0%
2036 MAURA
0%
5476 MAURANGER
0%
6036 MAUSEIDVÅG
0%
7284 MAUSUND
0%
9525 MAZE
0%
9770 MEHAMN
0%
6628 MEISINGSET
0%
9055 MEISTERVIK
0%
7250 MELANDSJØ
0%
8445 MELBU
0%
8459 MELBU
0%
7336 MELDAL
0%
7338 MELDAL
0%
8182 MELFJORDBOTN
0%
7221 MELHUS
0%
7223 MELHUS
0%
7224 MELHUS
0%
8157 MELØY
0%
9427 MELØYVÆR
0%
3156 MELSOMVIK
0%
3159 MELSOMVIK
0%
3168 MELSOMVIK
0%
7530 MERÅKER
0%
7531 MERÅKER
0%
2610 MESNALI
0%
2620 MESNALI
0%
6475 MIDSUND
0%
6476 MIDSUND
0%
3658 MILAND
0%
8866 MINDLANDET
0%
2092 MINNESUND
0%
2094 MINNESUND
0%
5366 MISJE
0%
8100 MISVÆR
0%
8108 MISVÆR
0%
6363 MITTET
0%
4828 MJÅVATN
0%
5136 MJØLKERÅEN
0%
5137 MJØLKERÅEN
0%
9141 MJØLVIK
0%
5978 MJØMNA
0%
3050 MJØNDALEN
0%
3051 MJØNDALEN
0%
6693 MJOSUNDET
0%
5729 MODALEN
0%
5732 MODALEN
0%
2390 MOELV
0%
2391 MOELV
0%
9321 MOEN
0%
9329 MOEN
0%
2054 MOGREINA
0%
4460 MOI
0%
4465 MOI
0%
8601 MO I RANA
0%
8602 MO I RANA
0%
8603 MO I RANA
0%
8604 MO I RANA
0%
8607 MO I RANA
0%
8609 MO I RANA
0%
8610 MO I RANA
0%
8611 MO I RANA
0%
8613 MO I RANA
0%
8614 MO I RANA
0%
8616 MO I RANA
0%
8618 MO I RANA
0%
8619 MO I RANA
0%
8622 MO I RANA
0%
8624 MO I RANA
0%
8626 MO I RANA
0%
5387 MØKSTER
0%
6401 MOLDE
0%
6402 MOLDE
0%
6403 MOLDE
0%
6404 MOLDE
0%
6405 MOLDE
0%
6407 MOLDE
0%
6409 MOLDE
0%
6410 MOLDE
0%
6411 MOLDE
0%
6412 MOLDE
0%
6413 MOLDE
0%
6414 MOLDE
0%
6415 MOLDE
0%
6416 MOLDE
0%
6419 MOLDE
0%
6420 MOLDE
0%
6421 MOLDE
0%
6422 MOLDE
0%
6423 MOLDE
0%
6425 MOLDE
0%
6429 MOLDE
0%
6434 MOLDE
0%
6435 MOLDE
0%
6436 MOLDE
0%
8110 MOLDJORD
0%
8118 MOLDJORD
0%
8385 MØLNARODDEN
0%
6075 MOLTUSTRANDA
0%
6076 MOLTUSTRANDA
0%
5954 MONGSTAD
0%
3848 MORGEDAL
0%
8266 MØRSVIKBOTN
0%
9056 MORTENHALS
0%
5122 MORVIK
0%
5124 MORVIK
0%
4619 MOSBY
0%
8651 MOSJØEN
0%
8652 MOSJØEN
0%
8654 MOSJØEN
0%
8655 MOSJØEN
0%
8656 MOSJØEN
0%
8657 MOSJØEN
0%
8658 MOSJØEN
0%
8659 MOSJØEN
0%
8660 MOSJØEN
0%
8661 MOSJØEN
0%
8663 MOSJØEN
0%
8664 MOSJØEN
0%
8665 MOSJØEN
0%
8666 MOSJØEN
0%
1501 MOSS
0%
1502 MOSS
0%
1503 MOSS
0%
1504 MOSS
0%
1506 MOSS
0%
1508 MOSS
0%
1509 MOSS
0%
1510 MOSS
0%
1511 MOSS
0%
1512 MOSS
0%
1513 MOSS
0%
1514 MOSS
0%
1515 MOSS
0%
1516 MOSS
0%
1517 MOSS
0%
1518 MOSS
0%
1519 MOSS
0%
1520 MOSS
0%
1521 MOSS
0%
1522 MOSS
0%
1523 MOSS
0%
1524 MOSS
0%
1525 MOSS
0%
1526 MOSS
0%
1528 MOSS
0%
1529 MOSS
0%
1530 MOSS
0%
1531 MOSS
0%
1532 MOSS
0%
1533 MOSS
0%
1534 MOSS
0%
1535 MOSS
0%
1536 MOSS
0%
1537 MOSS
0%
1538 MOSS
0%
1539 MOSS
0%
1596 MOSS
0%
1597 MOSS
0%
1598 MOSS
0%
1599 MOSS
0%
5440 MOSTERHAMN
0%
5447 MOSTERHAMN
0%
4156 MOSTERØY
0%
7690 MOSVIK
0%
7691 MOSVIK
0%
8274 MUSKEN
0%
8181 MYKEN
0%
5957 MYKING
0%
4832 MYKLAND
0%
6295 MYKLEBOST
0%
9443 MYKLEBOSTAD
0%
5718 MYRDAL
0%
8430 MYRE
0%
8439 MYRE
0%
8326 MYRLAND
0%
1850 MYSEN
0%
1851 MYSEN
0%
1852 MYSEN
0%
2674 MYSUSÆTER
0%
5775
0%
5776
0%
4365 NÆRBØ
0%
4367 NÆRBØ
0%
2364 NÆROSET
0%
3478 NÆRSNES
0%
3479 NÆRSNES
0%
7750 NAMDALSEID
0%
7751 NAMDALSEID
0%
2265 NAMNÅ
0%
7800 NAMSOS
0%
7801 NAMSOS
0%
7802 NAMSOS
0%
7803 NAMSOS
0%
7804 NAMSOS
0%
7805 NAMSOS
0%
7808 NAMSOS
0%
7810 NAMSOS
0%
7890 NAMSSKOGAN
0%
7891 NAMSSKOGAN
0%
2030 NANNESTAD
0%
2031 NANNESTAD
0%
8382 NAPP
0%
8501 NARVIK
0%
8502 NARVIK
0%
8503 NARVIK
0%
8504 NARVIK
0%
8505 NARVIK
0%
8506 NARVIK
0%
8507 NARVIK
0%
8508 NARVIK
0%
8509 NARVIK
0%
8510 NARVIK
0%
8512 NARVIK
0%
8514 NARVIK
0%
8515 NARVIK
0%
8516 NARVIK
0%
8517 NARVIK
0%
8518 NARVIK
0%
8519 NARVIK
0%
7990 NAUSTBUKTA
0%
6806 NAUSTDAL
0%
6817 NAUSTDAL
0%
4823 NEDENES
0%
4854 NEDENES
0%
1692 NEDGÅRDEN
0%
3358 NEDRE EGGEDAL
0%
2677 NEDRE HEIDAL
0%
5578 NEDRE VATS
0%
5560 NEDSTRAND
0%
5562 NEDSTRAND
0%
9930 NEIDEN
0%
4863 NELAUG
0%
6098 NERLANDSØY
0%
9773 NERVEI
0%
1378 NESBRU
0%
1379 NESBRU
0%
1394 NESBRU
0%
3540 NESBYEN
0%
3541 NESBYEN
0%
4244 NESFLATEN
0%
3523 NES I ÅDAL
0%
3524 NES I ÅDAL
0%
3760 NESLANDSVATN
0%
8700 NESNA
0%
8701 NESNA
0%
8704 NESNASTRANDA
0%
1459 NESODDEN
0%
1450 NESODDTANGEN
0%
1451 NESODDTANGEN
0%
1452 NESODDTANGEN
0%
1456 NESODDTANGEN
0%
1397 NESØYA
0%
2350 NES PÅ HEDMARKEN
0%
2351 NES PÅ HEDMARKEN
0%
6994 NESSANE
0%
5221 NESTTUN
0%
5222 NESTTUN
0%
5223 NESTTUN
0%
5224 NESTTUN
0%
5225 NESTTUN
0%
5226 NESTTUN
0%
5227 NESTTUN
0%
5228 NESTTUN
0%
4934 NES VERK
0%
8149 NEVERDAL
0%
8273 NEVERVIK
0%
3296 NEVLUNGHAVN
0%
9193 NIKKEBY
0%
3854 NISSEDAL
0%
1482 NITTEDAL
0%
1486 NITTEDAL
0%
4645 NODELAND
0%
4685 NODELAND
0%
6196 NORANGSFJORDEN
0%
3820 NORDAGUTU
0%
8136 NORDARNØY
0%
2693 NORDBERG
0%
2009 NORDBY
0%
6214 NORDDAL
0%
7273 NORDDYRØY
0%
7274 NORDDYRØY
0%
6770 NORDFJORDEID
0%
6771 NORDFJORDEID
0%
6772 NORDFJORDEID
0%
6773 NORDFJORDEID
0%
6774 NORDFJORDEID
0%
8286 NORDFOLD
0%
4173 NORD-HIDLE
0%
9764 NORDKAPP
0%
2055 NORDKISA
0%
9040 NORDKJOSBOTN
0%
9049 NORDKJOSBOTN
0%
9068 NORD-LENANGEN
0%
7881 NORDLI
0%
7882 NORDLI
0%
8489 NORDMELA
0%
8198 NORDNESØY
0%
1455 NORDRE FROGN
0%
9609 NORDRE SEILAND
0%
2820 NORDRE TOTEN
0%
8740 NORD-SOLVÆR
0%
7777 NORD-STATLAND
0%
5218 NORDSTRØNO
0%
2880 NORD-TORPA
0%
5646 NORDTVEITGREND
0%
9760 NORDVÅGEN
0%
8188 NORDVERNES
0%
3629 NORE
0%
3634 NORE
0%
3536 NORESUND
0%
3543 NORESUND
0%
5600 NORHEIMSUND
0%
5601 NORHEIMSUND
0%
5602 NORHEIMSUND
0%
8488 NØSS
0%
3671 NOTODDEN
0%
3672 NOTODDEN
0%
3673 NOTODDEN
0%
3674 NOTODDEN
0%
3675 NOTODDEN
0%
3676 NOTODDEN
0%
3677 NOTODDEN
0%
3678 NOTODDEN
0%
3679 NOTODDEN
0%
3680 NOTODDEN
0%
3681 NOTODDEN
0%
3683 NOTODDEN
0%
3684 NOTODDEN
0%
3106 NØTTERØY
0%
3120 NØTTERØY
0%
3121 NØTTERØY
0%
3128 NØTTERØY
0%
3140 NØTTERØY
0%
3163 NØTTERØY
0%
9582 NUVSVÅG
0%
9173 NY-ÅLESUND
0%
2422 NYBERGSUND
0%
5130 NYBORG
0%
5131 NYBORG
0%
5132 NYBORG
0%
8120 NYGÅRDSJØEN
0%
3180 NYKIRKE
0%
3197 NYKIRKE
0%
5750 ODDA
0%
5751 ODDA
0%
5752 ODDA
0%
2879 ODNES
0%
6610 ØKSENDAL
0%
9550 ØKSFJORD
0%
9552 ØKSFJORDEN
0%
7165 OKSVOLL
0%
6791 OLDEDALEN
0%
6784 OLDEN
0%
6788 OLDEN
0%
9146 OLDERDALEN
0%
9148 OLDERDALEN
0%
9034 OLDERVIK
0%
5580 ØLEN
0%
5588 ØLEN
0%
5582 ØLENSVÅG
0%
5183 OLSVIK
0%
5184 OLSVIK
0%
4333 OLTEDAL
0%
4390 OLTEDAL
0%
5637 ØLVE
0%
5632 OMASTRAND
0%
5633 OMASTRAND
0%
4187 OMBO
0%
6298 ONA
0%
5694 ONARHEIM
0%
2166 OPPAKER
0%
7340 OPPDAL
0%
7341 OPPDAL
0%
7344 OPPDAL
0%
7346 OPPDAL
0%
7347 OPPDAL
0%
1415 OPPEGÅRD
0%
1416 OPPEGÅRD
0%
1419 OPPEGÅRD
0%
7127 OPPHAUG
0%
7140 OPPHAUG
0%
7745 OPPLAND
0%
6799 OPPSTRYN
0%
8754 ØRESVIK
0%
1870 ØRJE
0%
1871 ØRJE
0%
7300 ORKANGER
0%
7301 ORKANGER
0%
7302 ORKANGER
0%
7303 ORKANGER
0%
6870 ORNES
0%
8150 ØRNES
0%
8151 ØRNES
0%
4343 ORRE
0%
6240 ØRSKOG
0%
6249 ØRSKOG
0%
6150 ØRSTA
0%
6151 ØRSTA
0%
6152 ØRSTA
0%
6153 ØRSTA
0%
6154 ØRSTA
0%
6155 ØRSTA
0%
6156 ØRSTA
0%
6286 ORTEN
0%
5200 OS
0%
5201 OS
0%
5202 OS
0%
5203 OS
0%
5206 OS
0%
5208 OS
0%
5209 OS
0%
5210 OS
0%
5211 OS
0%
2460 OSEN
0%
2461 OSEN
0%
2550 OS I ØSTERDALEN
0%
2551 OS I ØSTERDALEN
0%
6638 OSMARKA
0%
2423 ØSTBY
0%
2424 ØSTBY
0%
1332 ØSTERÅS
0%
1361 ØSTERÅS
0%
5991 OSTEREIDET
0%
5993 OSTEREIDET
0%
2649 ØSTRE GAUSDAL
0%
2651 ØSTRE GAUSDAL
0%
9046 OTEREN
0%
2670 OTTA
0%
2675 OTTA
0%
1875 OTTEID
0%
7940 OTTERSØY
0%
7941 OTTERSØY
0%
2312 OTTESTAD
0%
2313 OTTESTAD
0%
2314 OTTESTAD
0%
9334 ØVERBYGD
0%
9335 ØVERBYGD
0%
7863 OVERHALLA
0%
7864 OVERHALLA
0%
2544 ØVERSJØDALEN
0%
6882 ØVRE ÅRDAL
0%
6884 ØVRE ÅRDAL
0%
4705 ØVREBØ
0%
4715 ØVREBØ
0%
5784 ØVRE EIDFJORD
0%
5106 ØVRE ERVIK
0%
2839 ØVRE SNERTINGDAL
0%
6653 ØVRE SURNADAL
0%
5576 ØVRE VATS
0%
6670 ØYDEGARD
0%
6671 ØYDEGARD
0%
2977 ØYE
0%
2636 ØYER
0%
2637 ØYER
0%
4484 ØYESTRANDA
0%
4532 ØYSLEBØ
0%
5604 ØYSTESE
0%
5610 ØYSTESE
0%
5230 PARADIS
0%
5231 PARADIS
0%
5232 PARADIS
0%
3648 PASSEBEKK
0%
9926 PASVIK
0%
2427 PLASSEN
0%
9709 PORSANGMOEN
0%
3901 PORSGRUNN
0%
3902 PORSGRUNN
0%
3903 PORSGRUNN
0%
3904 PORSGRUNN
0%
3905 PORSGRUNN
0%
3906 PORSGRUNN
0%
3910 PORSGRUNN
0%
3911 PORSGRUNN
0%
3912 PORSGRUNN
0%
3913 PORSGRUNN
0%
3914 PORSGRUNN
0%
3915 PORSGRUNN
0%
3916 PORSGRUNN
0%
3917 PORSGRUNN
0%
3918 PORSGRUNN
0%
3919 PORSGRUNN
0%
3920 PORSGRUNN
0%
3921 PORSGRUNN
0%
3922 PORSGRUNN
0%
3924 PORSGRUNN
0%
3925 PORSGRUNN
0%
3928 PORSGRUNN
0%
3929 PORSGRUNN
0%
3930 PORSGRUNN
0%
3931 PORSGRUNN
0%
3933 PORSGRUNN
0%
3936 PORSGRUNN
0%
3937 PORSGRUNN
0%
3939 PORSGRUNN
0%
3940 PORSGRUNN
0%
3941 PORSGRUNN
0%
3942 PORSGRUNN
0%
3943 PORSGRUNN
0%
3944 PORSGRUNN
0%
3946 PORSGRUNN
0%
3948 PORSGRUNN
0%
3949 PORSGRUNN
0%
3996 PORSGRUNN
0%
3997 PORSGRUNN
0%
3998 PORSGRUNN
0%
3350 PRESTFOSS
0%
3351 PRESTFOSS
0%
5235 RÅDAL
0%
5236 RÅDAL
0%
5237 RÅDAL
0%
5238 RÅDAL
0%
5239 RÅDAL
0%
1640 RÅDE
0%
1641 RÅDE
0%
1643 RÅDE
0%
4053 RÆGE
0%
2005 RÆLINGEN
0%
2029 RÆLINGEN
0%
2070 RÅHOLT
0%
2071 RÅHOLT
0%
1890 RAKKESTAD
0%
1891 RAKKESTAD
0%
1894 RAKKESTAD
0%
7114 RÅKVÅG
0%
7116 RÅKVÅG
0%
8380 RAMBERG
0%
8388 RAMBERG
0%
9027 RAMFJORDBOTN
0%
3175 RAMNES
0%
9442 RAMSUND
0%
9448 RAMSUND
0%
1927 RÅNÅSFOSS
0%
4070 RANDABERG
0%
4071 RANDABERG
0%
4072 RANDABERG
0%
4073 RANDABERG
0%
4096 RANDABERG
0%
7053 RANHEIM
0%
7054 RANHEIM
0%
7055 RANHEIM
0%
7056 RANHEIM
0%
1469 RASTA
0%
1476 RASTA
0%
6707 RAUDEBERG
0%
6710 RAUDEBERG
0%
6462 RAUDSAND
0%
2830 RAUFOSS
0%
2831 RAUFOSS
0%
2833 RAUFOSS
0%
2834 RAUFOSS
0%
2835 RAUFOSS
0%
3864 RAULAND
0%
3884 RAULAND
0%
9140 REBBENES
0%
8390 REINE
0%
8398 REINE
0%
9184 REINFJORD
0%
2933 REINLI
0%
2840 REINSVOLL
0%
2853 REINSVOLL
0%
8146 REIPÅ
0%
3425 REISTAD
0%
6395 REKDAL
0%
5683 REKSTEREN
0%
2450 RENA
0%
2451 RENA
0%
2484 RENDALEN
0%
2485 RENDALEN
0%
2486 RENDALEN
0%
2487 RENDALEN
0%
2488 RENDALEN
0%
7391 RENNEBU
0%
7392 RENNEBU
0%
7393 RENNEBU
0%
7397 RENNEBU
0%
7398 RENNEBU
0%
7399 RENNEBU
0%
4150 RENNESØY
0%
4159 RENNESØY
0%
9768 REPVÅG
0%
3164 REVETAL
0%
3174 REVETAL
0%
7174 REVSNES
0%
7177 REVSNES
0%
9624 REVSNESHAMN
0%
2322 RIDABU
0%
2328 RIDABU
0%
6657 RINDAL
0%
6659 RINDAL
0%
6658 RINDALSSKOGEN
0%
2630 RINGEBU
0%
2631 RINGEBU
0%
4834 RISDAL
0%
4950 RISØR
0%
4951 RISØR
0%
4952 RISØR
0%
4953 RISØR
0%
4955 RISØR
0%
4956 RISØR
0%
4957 RISØR
0%
8484 RISØYHAMN
0%
8493 RISØYHAMN
0%
7100 RISSA
0%
7101 RISSA
0%
3660 RJUKAN
0%
3661 RJUKAN
0%
2713 ROA
0%
2740 ROA
0%
7180 ROAN
0%
7181 ROAN
0%
3630 RØDBERG
0%
3631 RØDBERG
0%
8193 RØDØY
0%
6915 ROGNALDSVÅG
0%
8250 ROGNAN
0%
8251 ROGNAN
0%
8252 ROGNAN
0%
8253 ROGNAN
0%
2943 ROGNE
0%
7295 ROGNES
0%
8255 RØKLAND
0%
8256 RØKLAND
0%
5760 RØLDAL
0%
3626 ROLLAG
0%
1661 ROLVSØY
0%
1662 ROLVSØY
0%
1663 ROLVSØY
0%
1664 ROLVSØY
0%
1665 ROLVSØY
0%
1666 ROLVSØY
0%
1667 ROLVSØY
0%
2333 ROMEDAL
0%
2334 ROMEDAL
0%
1950 RØMSKOG
0%
1951 RØMSKOG
0%
2959 RØN
0%
2960 RØN
0%
5331 RONG
0%
5337 RONG
0%
7623 RONGLAN
0%
7361 RØROS
0%
7374 RØROS
0%
7375 RØROS
0%
7900 RØRVIK
0%
7901 RØRVIK
0%
7902 RØRVIK
0%
5470 ROSENDAL
0%
5486 ROSENDAL
0%
9302 ROSSFJORDSTRAUMEN
0%
5917 ROSSLAND
0%
8064 RØST
0%
8065 RØST
0%
8220 RØSVIK
0%
9153 ROTSUND
0%
5549 RØVÆR
0%
6141 ROVDE
0%
2215 ROVERUD
0%
2216 ROVERUD
0%
3440 RØYKEN
0%
3441 RØYKEN
0%
5546 RØYKSUND
0%
4052 RØYNEBERG
0%
4059 RØYNEBERG
0%
3529 RØYSE
0%
3530 RØYSE
0%
5420 RUBBESTADNESET
0%
1309 RUD
0%
1351 RUD
0%
2360 RUDSHØGDA
0%
2361 RUDSHØGDA
0%
6734 RUGSUND
0%
6096 RUNDE
0%
9336 RUNDHAUG
0%
9713 RUSSENES
0%
2972 RYFOSS
0%
2973 RYFOSS
0%
1580 RYGGE
0%
1581 RYGGE
0%
1590 RYGGE
0%
4821 RYKENE
0%
4822 RYKENE
0%
1334 RYKKINN
0%
1348 RYKKINN
0%
1349 RYKKINN
0%
9610 RYPEFJORD
0%
9611 RYPEFJORD
0%
4748 RYSSTAD
0%
4749 RYSSTAD
0%
6165 SÆBØ
0%
6166 SÆBØ
0%
5938 SÆBØVÅGEN
0%
5454 SÆBØVIK
0%
5484 SÆBØVIK
0%
3475 SÆTRE
0%
3476 SÆTRE
0%
5644 SÆVAREID
0%
5645 SÆVAREID
0%
4275 SÆVELANDSVIK
0%
2120 SAGSTUA
0%
2121 SAGSTUA
0%
5408 SAGVÅG
0%
5410 SAGVÅG
0%
7562 SAKSVIK
0%
5107 SALHUS
0%
7960 SALSBRUKET
0%
7817 SALSNES
0%
1642 SALTNES
0%
4815 SALTRØD
0%
4851 SALTRØD
0%
8056 SALTSTRAUMEN
0%
8057 SALTSTRAUMEN
0%
9144 SAMUELSBERG
0%
9145 SAMUELSBERG
0%
4230 SAND
0%
4239 SAND
0%
6821 SANDANE
0%
6822 SANDANE
0%
6823 SANDANE
0%
3201 SANDEFJORD
0%
3202 SANDEFJORD
0%
3203 SANDEFJORD
0%
3204 SANDEFJORD
0%
3205 SANDEFJORD
0%
3206 SANDEFJORD
0%
3207 SANDEFJORD
0%
3208 SANDEFJORD
0%
3209 SANDEFJORD
0%
3210 SANDEFJORD
0%
3211 SANDEFJORD
0%
3212 SANDEFJORD
0%
3213 SANDEFJORD
0%
3214 SANDEFJORD
0%
3215 SANDEFJORD
0%
3216 SANDEFJORD
0%
3217 SANDEFJORD
0%
3218 SANDEFJORD
0%
3219 SANDEFJORD
0%
3220 SANDEFJORD
0%
3221 SANDEFJORD
0%
3222 SANDEFJORD
0%
3223 SANDEFJORD
0%
3224 SANDEFJORD
0%
3225 SANDEFJORD
0%
3226 SANDEFJORD
0%
3227 SANDEFJORD
0%
3228 SANDEFJORD
0%
3229 SANDEFJORD
0%
3230 SANDEFJORD
0%
3231 SANDEFJORD
0%
3232 SANDEFJORD
0%
3233 SANDEFJORD
0%
3234 SANDEFJORD
0%
3235 SANDEFJORD
0%
3236 SANDEFJORD
0%
3237 SANDEFJORD
0%
3238 SANDEFJORD
0%
3239 SANDEFJORD
0%
3240 SANDEFJORD
0%
3241 SANDEFJORD
0%
3242 SANDEFJORD
0%
3244 SANDEFJORD
0%
3246 SANDEFJORD
0%
3247 SANDEFJORD
0%
3248 SANDEFJORD
0%
3249 SANDEFJORD
0%
5585 SANDEID
0%
5589 SANDEID
0%
6971 SANDE I SUNNFJORD
0%
6973 SANDE I SUNNFJORD
0%
3070 SANDE I VESTFOLD
0%
3071 SANDE I VESTFOLD
0%
3072 SANDE I VESTFOLD
0%
3073 SANDE I VESTFOLD
0%
3074 SANDE I VESTFOLD
0%
3076 SANDE I VESTFOLD
0%
3077 SANDE I VESTFOLD
0%
2116 SANDER
0%
8130 SANDHORNØY
0%
9585 SANDLAND
0%
4301 SANDNES
0%
4302 SANDNES
0%
4306 SANDNES
0%
4307 SANDNES
0%
4308 SANDNES
0%
4309 SANDNES
0%
4312 SANDNES
0%
4313 SANDNES
0%
4314 SANDNES
0%
4315 SANDNES
0%
4316 SANDNES
0%
4317 SANDNES
0%
4318 SANDNES
0%
4319 SANDNES
0%
4320 SANDNES
0%
4321 SANDNES
0%
4322 SANDNES
0%
4323 SANDNES
0%
4324 SANDNES
0%
4325 SANDNES
0%
4326 SANDNES
0%
4327 SANDNES
0%
4328 SANDNES
0%
4329 SANDNES
0%
4336 SANDNES
0%
4337 SANDNES
0%
4338 SANDNES
0%
4391 SANDNES
0%
4392 SANDNES
0%
4393 SANDNES
0%
4394 SANDNES
0%
4396 SANDNES
0%
4397 SANDNES
0%
4398 SANDNES
0%
4399 SANDNES
0%
8800 SANDNESSJØEN
0%
8801 SANDNESSJØEN
0%
8802 SANDNESSJØEN
0%
8803 SANDNESSJØEN
0%
8804 SANDNESSJØEN
0%
8805 SANDNESSJØEN
0%
8809 SANDNESSJØEN
0%
6297 SANDØY
0%
9664 SANDØYBOTN
0%
6088 SANDSHAMN
0%
6089 SANDSHAMN
0%
5253 SANDSLI
0%
5254 SANDSLI
0%
9425 SANDSØY
0%
7246 SANDSTAD
0%
9430 SANDTORG
0%
8844 SANDVÆR
0%
4272 SANDVE
0%
1300 SANDVIKA
0%
1301 SANDVIKA
0%
1302 SANDVIKA
0%
1303 SANDVIKA
0%
1304 SANDVIKA
0%
1306 SANDVIKA
0%
1336 SANDVIKA
0%
1337 SANDVIKA
0%
1338 SANDVIKA
0%
5452 SANDVOLL
0%
3766 SANNIDAL
0%
3793 SANNIDAL
0%
9766 SARNES
0%
1701 SARPSBORG
0%
1702 SARPSBORG
0%
1703 SARPSBORG
0%
1704 SARPSBORG
0%
1705 SARPSBORG
0%
1706 SARPSBORG
0%
1707 SARPSBORG
0%
1708 SARPSBORG
0%
1709 SARPSBORG
0%
1710 SARPSBORG
0%
1711 SARPSBORG
0%
1721 SARPSBORG
0%
1722 SARPSBORG
0%
1723 SARPSBORG
0%
1724 SARPSBORG
0%
1725 SARPSBORG
0%
1726 SARPSBORG
0%
1727 SARPSBORG
0%
4200 SAUDA
0%
4201 SAUDA
0%
4208 SAUDASJØEN
0%
3665 SAULAND
0%
3692 SAULAND
0%
7287 SAUØY
0%
7078 SAUPSTAD
0%
7097 SAUPSTAD
0%
7098 SAUPSTAD
0%
8724 SAURA
0%
9182 SEGLVIK
0%
5912 SEIM
0%
5472 SEIMSFOSS
0%
6418 SEKKEN
0%
2672 SEL
0%
2678 SEL
0%
4868 SELÅSVATN
0%
7580 SELBU
0%
7581 SELBU
0%
7583 SELBU
0%
7584 SELBUSTRAND
0%
6740 SELJE
0%
6741 SELJE
0%
3835 SELJORD
0%
3840 SELJORD
0%
1650 SELLEBAKK
0%
1651 SELLEBAKK
0%
1653 SELLEBAKK
0%
1654 SELLEBAKK
0%
1655 SELLEBAKK
0%
8196 SELSØYVIK
0%
8742 SELVÆR
0%
3107 SEM
0%
3170 SEM
0%
3171 SEM
0%
9386 SENJAHOPEN
0%
9387 SENJAHOPEN
0%
8352 SENNESVIK
0%
2058 SESSVOLLMOEN
0%
7748 SETER
0%
1954 SETSKOG
0%
1404 SIGGERUD
0%
1422 SIGGERUD
0%
6714 SILDA
0%
3748 SILJAN
0%
3749 SILJAN
0%
9303 SILSAND
0%
9370 SILSAND
0%
7386 SINGSÅS
0%
7387 SINGSÅS
0%
7388 SINGSÅS
0%
4438 SIRA
0%
4439 SIRA
0%
4361 SIREVÅG
0%
4364 SIREVÅG
0%
9826 SIRMA
0%
7260 SISTRANDA
0%
7261 SISTRANDA
0%
4170 SJERNARØY
0%
4174 SJERNARØY
0%
7081 SJETNEMARKA
0%
9350 SJØVEGAN
0%
9355 SJØVEGAN
0%
9030 SJURSNES
0%
2612 SJUSJØEN
0%
2628 SJUSJØEN
0%
2643 SKÅBU
0%
2644 SKÅBU
0%
7860 SKAGE I NAMDALEN
0%
7869 SKAGE I NAMDALEN
0%
6456 SKÅLA
0%
6458 SKÅLA
0%
9384 SKALAND
0%
9385 SKALAND
0%
3138 SKALLESTAD
0%
3139 SKALLESTAD
0%
2950 SKAMMESTEIN
0%
5593 SKÅNEVIK
0%
5594 SKÅNEVIK
0%
5763 SKARE
0%
2100 SKARNES
0%
2101 SKARNES
0%
9763 SKARSVÅG
0%
4182 SKARTVEIT
0%
6719 SKATESTRAUMEN
0%
3780 SKÅTØY
0%
7510 SKATVAL
0%
7511 SKATVAL
0%
9376 SKATVIK
0%
7356 SKAUN
0%
7357 SKAUN
0%
9587 SKAVNAKK
0%
2019 SKEDSMOKORSET
0%
2020 SKEDSMOKORSET
0%
2021 SKEDSMOKORSET
0%
2023 SKEDSMOKORSET
0%
6841 SKEI I JØLSTER
0%
6843 SKEI I JØLSTER
0%
1400 SKI
0%
1401 SKI
0%
1402 SKI
0%
1406 SKI
0%
1423 SKI
0%
1424 SKI
0%
1425 SKI
0%
9142 SKIBOTN
0%
9143 SKIBOTN
0%
3701 SKIEN
0%
3702 SKIEN
0%
3703 SKIEN
0%
3704 SKIEN
0%
3705 SKIEN
0%
3707 SKIEN
0%
3710 SKIEN
0%
3711 SKIEN
0%
3712 SKIEN
0%
3713 SKIEN
0%
3714 SKIEN
0%
3715 SKIEN
0%
3716 SKIEN
0%
3717 SKIEN
0%
3718 SKIEN
0%
3719 SKIEN
0%
3720 SKIEN
0%
3721 SKIEN
0%
3722 SKIEN
0%
3723 SKIEN
0%
3724 SKIEN
0%
3725 SKIEN
0%
3726 SKIEN
0%
3727 SKIEN
0%
3728 SKIEN
0%
3729 SKIEN
0%
3730 SKIEN
0%
3731 SKIEN
0%
3732 SKIEN
0%
3733 SKIEN
0%
3734 SKIEN
0%
3735 SKIEN
0%
3736 SKIEN
0%
3737 SKIEN
0%
3738 SKIEN
0%
3739 SKIEN
0%
3740 SKIEN
0%
3741 SKIEN
0%
3742 SKIEN
0%
3743 SKIEN
0%
3744 SKIEN
0%
3746 SKIEN
0%
3747 SKIEN
0%
3785 SKIEN
0%
3786 SKIEN
0%
3787 SKIEN
0%
3792 SKIEN
0%
3796 SKIEN
0%
3798 SKIEN
0%
3799 SKIEN
0%
4146 SKIFTUN
0%
6975 SKILBREI
0%
1806 SKIPTVET
0%
1816 SKIPTVET
0%
1680 SKJÆRHALDEN
0%
1682 SKJÆRHALDEN
0%
2690 SKJÅK
0%
2694 SKJÅK
0%
9771 SKJÅNES
0%
1745 SKJEBERG
0%
1746 SKJEBERG
0%
1747 SKJEBERG
0%
8102 SKJERSTAD
0%
9180 SKJERVØY
0%
9189 SKJERVØY
0%
2013 SKJETTEN
0%
2026 SKJETTEN
0%
5574 SKJOLD
0%
5567 SKJOLDASTRAUMEN
0%
6876 SKJOLDEN
0%
8523 SKJOMEN
0%
6260 SKODJE
0%
6263 SKODJE
0%
9722 SKOGANVARRE
0%
2163 SKOGBYGDA
0%
2164 SKOGBYGDA
0%
7619 SKOGN
0%
7620 SKOGN
0%
5371 SKOGSVÅG
0%
5382 SKOGSVÅG
0%
3618 SKOLLENBORG
0%
3619 SKOLLENBORG
0%
3625 SKOLLENBORG
0%
8615 SKONSENG
0%
3185 SKOPPUM
0%
3195 SKOPPUM
0%
7893 SKOROVATN
0%
1409 SKOTBU
0%
3330 SKOTSELV
0%
3331 SKOTSELV
0%
2230 SKOTTERUD
0%
2231 SKOTTERUD
0%
2917 SKRAUTVÅL
0%
2848 SKREIA
0%
2857 SKREIA
0%
8320 SKROVA
0%
4280 SKUDENESHAVN
0%
4297 SKUDENESHAVN
0%
1340 SKUI
0%
5710 SKULESTADMO
0%
5711 SKULESTADMO
0%
8290 SKUTVIK
0%
2110 SLÅSTAD
0%
1480 SLATTUM
0%
3470 SLEMMESTAD
0%
3471 SLEMMESTAD
0%
8762 SLENESET
0%
1312 SLEPENDEN
0%
1341 SLEPENDEN
0%
5939 SLETTA
0%
2432 SLETTÅS
0%
2965 SLIDRE
0%
2966 SLIDRE
0%
6859 SLINDA
0%
1859 SLITU
0%
6570 SMØLA
0%
6571 SMØLA
0%
1335 SNARØYA
0%
1367 SNARØYA
0%
4590 SNARTEMO
0%
7760 SNÅSA
0%
7761 SNÅSA
0%
9714 SNEFJORD
0%
2838 SNERTINGDAL
0%
2841 SNERTINGDAL
0%
7257 SNILLFJORD
0%
7259 SNILLFJORD
0%
5473 SNILSTVEITØY
0%
1412 SOFIEMYR
0%
1417 SOFIEMYR
0%
5207 SØFTELAND
0%
5212 SØFTELAND
0%
6851 SOGNDAL
0%
6852 SOGNDAL
0%
6853 SOGNDAL
0%
6856 SOGNDAL
0%
6857 SOGNDAL
0%
4640 SØGNE
0%
4641 SØGNE
0%
4642 SØGNE
0%
4643 SØGNE
0%
4644 SØGNE
0%
4681 SØGNE
0%
4682 SØGNE
0%
4683 SØGNE
0%
3534 SOKNA
0%
3542 SOKNA
0%
7288 SOKNEDAL
0%
7289 SOKNEDAL
0%
4050 SOLA
0%
4051 SOLA
0%
4055 SOLA
0%
4097 SOLA
0%
3056 SOLBERGELVA
0%
3057 SOLBERGELVA
0%
3058 SOLBERGMOEN
0%
2477 SOLLIA
0%
3538 SOLLIHØGDA
0%
3355 SOLUMSMOEN
0%
6879 SOLVORN
0%
2448 SØMÅDALEN
0%
9110 SOMMARØY
0%
9119 SOMMARØY
0%
8920 SØMNA
0%
8921 SØMNA
0%
8922 SØMNA
0%
1553 SON
0%
1554 SON
0%
1555 SON
0%
1556 SON
0%
4974 SØNDELED
0%
4990 SØNDELED
0%
4909 SONGE
0%
4129 SONGESAND
0%
8134 SØRARNØY
0%
8135 SØRARNØY
0%
4169 SØRBOKN
0%
6958 SØRBØVÅG
0%
6959 SØRBØVÅG
0%
7286 SØRBURØY
0%
5251 SØREIDGREND
0%
5252 SØREIDGREND
0%
2428 SØRE OSEN
0%
2447 SØRE OSEN
0%
8190 SØRFJORDEN
0%
2645 SØR-FRON
0%
2647 SØR-FRON
0%
2648 SØR-FRON
0%
4123 SØR-HIDLE
0%
9152 SØRKJOSEN
0%
9155 SØRKJOSEN
0%
7884 SØRLI
0%
7885 SØRLI
0%
9310 SØRREISA
0%
9315 SØRREISA
0%
2412 SØRSKOGBYGDA
0%
6918 SØR-SKORPA
0%
9162 SØRSTRAUMEN
0%
8400 SORTLAND
0%
8401 SORTLAND
0%
8402 SORTLAND
0%
8403 SORTLAND
0%
8404 SORTLAND
0%
8405 SORTLAND
0%
8406 SORTLAND
0%
8407 SORTLAND
0%
8408 SORTLAND
0%
8415 SORTLAND
0%
8416 SORTLAND
0%
8419 SORTLAND
0%
9584 SØR-TVERRFJORD
0%
1923 SØRUM
0%
1924 SØRUM
0%
1920 SØRUMSAND
0%
1921 SØRUMSAND
0%
9595 SØRVÆR
0%
8392 SØRVÅGEN
0%
8393 SØRVÅGEN
0%
9419 SØRVIK
0%
6280 SØVIK
0%
6281 SØVIK
0%
7710 SPARBU
0%
7733 SPARBU
0%
1591 SPERREBOTN
0%
3430 SPIKKESTAD
0%
3431 SPIKKESTAD
0%
9185 SPILDRA
0%
7820 SPILLUM
0%
7821 SPILLUM
0%
7074 SPONGDAL
0%
1794 SPONVIKA
0%
1804 SPYDEBERG
0%
1820 SPYDEBERG
0%
1821 SPYDEBERG
0%
3788 STABBESTAD
0%
1321 STABEKK
0%
1368 STABEKK
0%
1369 STABEKK
0%
6750 STADLANDET
0%
6751 STADLANDET
0%
7105 STADSBYGD
0%
7119 STADSBYGD
0%
9132 STAKKVIK
0%
5715 STALHEIM
0%
5727 STAMNES
0%
8340 STAMSUND
0%
8378 STAMSUND
0%
2335 STANGE
0%
2336 STANGE
0%
5720 STANGHELLE
0%
5724 STANGHELLE
0%
6642 STANGVIK
0%
6777 STÅRHEIM
0%
3960 STATHELLE
0%
3961 STATHELLE
0%
3962 STATHELLE
0%
3966 STATHELLE
0%
3967 STATHELLE
0%
3995 STATHELLE
0%
4920 STAUBØ
0%
4921 STAUBØ
0%
6944 STAVANG
0%
4001 STAVANGER
0%
4002 STAVANGER
0%
4003 STAVANGER
0%
4004 STAVANGER
0%
4005 STAVANGER
0%
4006 STAVANGER
0%
4007 STAVANGER
0%
4008 STAVANGER
0%
4009 STAVANGER
0%
4010 STAVANGER
0%
4011 STAVANGER
0%
4012 STAVANGER
0%
4013 STAVANGER
0%
4014 STAVANGER
0%
4015 STAVANGER
0%
4016 STAVANGER
0%
4017 STAVANGER
0%
4018 STAVANGER
0%
4019 STAVANGER
0%
4020 STAVANGER
0%
4021 STAVANGER
0%
4022 STAVANGER
0%
4023 STAVANGER
0%
4024 STAVANGER
0%
4025 STAVANGER
0%
4026 STAVANGER
0%
4027 STAVANGER
0%
4028 STAVANGER
0%
4029 STAVANGER
0%
4031 STAVANGER
0%
4032 STAVANGER
0%
4033 STAVANGER
0%
4034 STAVANGER
0%
4035 STAVANGER
0%
4036 STAVANGER
0%
4068 STAVANGER
0%
4078 STAVANGER
0%
4079 STAVANGER
0%
4081 STAVANGER
0%
4082 STAVANGER
0%
4084 STAVANGER
0%
4087 STAVANGER
0%
4088 STAVANGER
0%
4092 STAVANGER
0%
4093 STAVANGER
0%
4094 STAVANGER
0%
4095 STAVANGER
0%
4099 STAVANGER
0%
3290 STAVERN
0%
3291 STAVERN
0%
3292 STAVERN
0%
3294 STAVERN
0%
2353 STAVSJØ
0%
3053 STEINBERG
0%
7701 STEINKJER
0%
7702 STEINKJER
0%
7703 STEINKJER
0%
7704 STEINKJER
0%
7705 STEINKJER
0%
7707 STEINKJER
0%
7708 STEINKJER
0%
7709 STEINKJER
0%
7711 STEINKJER
0%
7712 STEINKJER
0%
7713 STEINKJER
0%
7714 STEINKJER
0%
7715 STEINKJER
0%
7716 STEINKJER
0%
7717 STEINKJER
0%
7718 STEINKJER
0%
7724 STEINKJER
0%
7725 STEINKJER
0%
7726 STEINKJER
0%
7729 STEINKJER
0%
7732 STEINKJER
0%
7734 STEINKJER
0%
7735 STEINKJER
0%
7736 STEINKJER
0%
7737 STEINKJER
0%
7738 STEINKJER
0%
7740 STEINSDALEN
0%
7741 STEINSDALEN
0%
3277 STEINSHOLT
0%
5374 STEINSLAND
0%
5379 STEINSLAND
0%
5612 STEINSTØ
0%
7500 STJØRDAL
0%
7501 STJØRDAL
0%
7502 STJØRDAL
0%
7503 STJØRDAL
0%
7504 STJØRDAL
0%
7505 STJØRDAL
0%
7506 STJØRDAL
0%
7507 STJØRDAL
0%
7508 STJØRDAL
0%
7509 STJØRDAL
0%
7512 STJØRDAL
0%
7513 STJØRDAL
0%
7514 STJØRDAL
0%
8438 STØ
0%
3160 STOKKE
0%
3161 STOKKE
0%
7175 STOKKØY
0%
7178 STOKKØY
0%
8735 STOKKVÅGEN
0%
8450 STOKMARKNES
0%
8455 STOKMARKNES
0%
4274 STOL
0%
5398 STOLMEN
0%
6984 STONGFJORDEN
0%
9391 STONGLANDSEIDET
0%
9392 STONGLANDSEIDET
0%
8278 STORÅ
0%
7333 STORÅS
0%
7334 STORÅS
0%
5401 STORD
0%
5402 STORD
0%
5403 STORD
0%
5404 STORD
0%
5406 STORD
0%
5407 STORD
0%
5409 STORD
0%
5411 STORD
0%
5412 STORD
0%
5414 STORD
0%
5415 STORD
0%
5416 STORD
0%
5417 STORD
0%
6250 STORDAL
0%
6259 STORDAL
0%
5392 STOREBØ
0%
5393 STOREBØ
0%
6285 STOREKALVØY
0%
7290 STØREN
0%
7291 STØREN
0%
6184 STORESTANDAL
0%
8323 STORFJELL
0%
8630 STORFORSHEIA
0%
8638 STORFORSHEIA
0%
7150 STORFOSNA
0%
7151 STORFOSNA
0%
8275 STORJORD I TYSFJORD
0%
8328 STORMOLLA
0%
8197 STORSELSØY
0%
9151 STORSLETT
0%
9154 STORSLETT
0%
9156 STORSLETT
0%
9157 STORSLETT
0%
9158 STORSLETT
0%
9050 STORSTEINNES
0%
9059 STORSTEINNES
0%
8145 STORVIK
0%
8159 STØTT
0%
6200 STRANDA
0%
6201 STRANDA
0%
5630 STRANDEBARM
0%
5631 STRANDEBARM
0%
8705 STRANDLANDET
0%
5643 STRANDVIK
0%
5341 STRAUME
0%
5342 STRAUME
0%
5343 STRAUME
0%
5353 STRAUME
0%
5354 STRAUME
0%
8226 STRAUMEN
0%
8232 STRAUMEN
0%
6220 STRAUMGJERDE
0%
6238 STRAUMGJERDE
0%
9106 STRAUMSBUKTA
0%
5151 STRAUMSGREND
0%
8465 STRAUMSJØEN
0%
8475 STRAUMSJØEN
0%
6969 STRAUMSNES
0%
1465 STRØMMEN
0%
1466 STRØMMEN
0%
1467 STRØMMEN
0%
2010 STRØMMEN
0%
2011 STRØMMEN
0%
8317 STRØNSTAD
0%
5302 STRUSSHAMN
0%
5318 STRUSSHAMN
0%
6781 STRYN
0%
6782 STRYN
0%
6783 STRYN
0%
8733 STUVLAND
0%
7280 SULA
0%
4237 SULDALSOSEN
0%
4240 SULDALSOSEN
0%
8230 SULITJELMA
0%
8231 SULITJELMA
0%
3092 SUNDBYFOSS
0%
4971 SUNDEBRU
0%
4993 SUNDEBRU
0%
5450 SUNDE I SUNNHORDLAND
0%
8384 SUND I LOFOTEN
0%
7255 SUNDLANDET
0%
8892 SUNDØY
0%
6600 SUNNDALSØRA
0%
6601 SUNNDALSØRA
0%
6650 SURNADAL
0%
6652 SURNADAL
0%
6656 SURNADAL
0%
6914 SVANØYBUKT
0%
9925 SVANVIK
0%
3275 SVARSTAD
0%
3276 SVARSTAD
0%
9955 SVARTNES
0%
1420 SVARTSKOG
0%
2657 SVATSUM
0%
9175 SVEAGRUVA
0%
5550 SVEIO
0%
5559 SVEIO
0%
6721 SVELGEN
0%
6723 SVELGEN
0%
3060 SVELVIK
0%
3061 SVELVIK
0%
3622 SVENE
0%
9064 SVENSBY
0%
2652 SVINGVOLL
0%
1593 SVINNDAL
0%
8300 SVOLVÆR
0%
8301 SVOLVÆR
0%
8305 SVOLVÆR
0%
7327 SVORKMO
0%
7329 SVORKMO
0%
6942 SVORTEVIK
0%
6230 SYKKYLVEN
0%
6239 SYKKYLVEN
0%
3410 SYLLING
0%
3411 SYLLING
0%
6144 SYLTE
0%
6138 SYVDE
0%
6140 SYVDE
0%
6213 TAFJORD
0%
4163 TALGJE
0%
9540 TALVIK
0%
9841 TANA
0%
9842 TANA
0%
9843 TANA
0%
9844 TANA
0%
9845 TANA
0%
9846 TANA
0%
4056 TANANGER
0%
4057 TANANGER
0%
4058 TANANGER
0%
4098 TANANGER
0%
7549 TANEM
0%
2337 TANGEN
0%
2339 TANGEN
0%
6919 TANSØY
0%
1413 TÅRNÅSEN
0%
8535 TÅRSTAD
0%
7166 TARVA
0%
4120 TAU
0%
4121 TAU
0%
4124 TAU
0%
5380 TELAVÅG
0%
8325 TENGELFJORD
0%
9357 TENNEVOLL
0%
9358 TENNEVOLL
0%
6264 TENNFJORD
0%
7979 TERRÅK
0%
7980 TERRÅK
0%
5113 TERTNES
0%
5114 TERTNES
0%
2683 TESSANDEN
0%
7075 TILLER
0%
7091 TILLER
0%
7092 TILLER
0%
7093 TILLER
0%
4595 TINGVATN
0%
6627 TINGVOLL
0%
6630 TINGVOLL
0%
3650 TINN AUSTBYGD
0%
2923 TISLEIDALEN
0%
1790 TISTEDAL
0%
1791 TISTEDAL
0%
1792 TISTEDAL
0%
1793 TISTEDAL
0%
7268 TITRAN
0%
5333 TJELDSTØ
0%
5336 TJELDSTØ
0%
4054 TJELTA
0%
4063 TJELTA
0%
3280 TJODALYNG
0%
3281 TJODALYNG
0%
3145 TJØME
0%
3165 TJØME
0%
8186 TJONGSFJORDEN
0%
4443 TJØRHOM
0%
6070 TJØRVÅG
0%
8860 TJØTTA
0%
8861 TJØTTA
0%
2232 TOBØL
0%
6645 TODALEN
0%
3481 TOFTE
0%
3482 TOFTE
0%
2540 TOLGA
0%
2541 TOLGA
0%
8114 TOLLÅ
0%
3150 TOLVSRØD
0%
3151 TOLVSRØD
0%
3152 TOLVSRØD
0%
3153 TOLVSRØD
0%
3154 TOLVSRØD
0%
3166 TOLVSRØD
0%
9024 TOMASJORD
0%
6393 TOMREFJORD
0%
6398 TOMREFJORD
0%
1805 TOMTER
0%
1825 TOMTER
0%
8750 TONNES
0%
3101 TØNSBERG
0%
3103 TØNSBERG
0%
3104 TØNSBERG
0%
3105 TØNSBERG
0%
3109 TØNSBERG
0%
3110 TØNSBERG
0%
3111 TØNSBERG
0%
3112 TØNSBERG
0%
3113 TØNSBERG
0%
3114 TØNSBERG
0%
3115 TØNSBERG
0%
3116 TØNSBERG
0%
3117 TØNSBERG
0%
3118 TØNSBERG
0%
3119 TØNSBERG
0%
3122 TØNSBERG
0%
3123 TØNSBERG
0%
3124 TØNSBERG
0%
3125 TØNSBERG
0%
3126 TØNSBERG
0%
3127 TØNSBERG
0%
3129 TØNSBERG
0%
3134 TØNSBERG
0%
4440 TONSTAD
0%
4441 TONSTAD
0%
5384 TORANGSVÅG
0%
2429 TØRBERGET
0%
3753 TØRDAL
0%
6629 TORJULVÅGEN
0%
6443 TORNES I ROMSDAL
0%
3135 TORØD
0%
3137 TORØD
0%
1657 TORP
0%
1658 TORP
0%
1659 TORP
0%
3579 TORPO
0%
9381 TORSKEN
0%
4260 TORVASTAD
0%
4298 TORVASTAD
0%
6639 TORVIKBUKT
0%
6641 TORVIKBUKT
0%
5620 TØRVIKBYGD
0%
9445 TOVIK
0%
8770 TRÆNA
0%
3406 TRANBY
0%
3407 TRANBY
0%
3408 TRANBY
0%
3409 TRANBY
0%
6183 TRANDAL
0%
8297 TRANØY
0%
5263 TRENGEREID
0%
6391 TRESFJORD
0%
6397 TRESFJORD
0%
2635 TRETTEN
0%
2638 TRETTEN
0%
3855 TREUNGEN
0%
3883 TREUNGEN
0%
8865 TRO
0%
8681 TROFORS
0%
8682 TROFORS
0%
8683 TROFORS
0%
8684 TROFORS
0%
8685 TROFORS
0%
1860 TRØGSTAD
0%
1861 TRØGSTAD
0%
1414 TROLLÅSEN
0%
1421 TROLLÅSEN
0%
9020 TROMSDALEN
0%
9021 TROMSDALEN
0%
9029 TROMSDALEN
0%
9006 TROMSØ
0%
9007 TROMSØ
0%
9008 TROMSØ
0%
9009 TROMSØ
0%
9010 TROMSØ
0%
9011 TROMSØ
0%
9012 TROMSØ
0%
9013 TROMSØ
0%
9014 TROMSØ
0%
9015 TROMSØ
0%
9016 TROMSØ
0%
9017 TROMSØ
0%
9018 TROMSØ
0%
9019 TROMSØ
0%
9037 TROMSØ
0%
9038 TROMSØ
0%
9240 TROMSØ
0%
9251 TROMSØ
0%
9252 TROMSØ
0%
9253 TROMSØ
0%
9254 TROMSØ
0%
9255 TROMSØ
0%
9256 TROMSØ
0%
9257 TROMSØ
0%
9258 TROMSØ
0%
9259 TROMSØ
0%
9260 TROMSØ
0%
9261 TROMSØ
0%
9262 TROMSØ
0%
9263 TROMSØ
0%
9265 TROMSØ
0%
9266 TROMSØ
0%
9267 TROMSØ
0%
9268 TROMSØ
0%
9269 TROMSØ
0%
9270 TROMSØ
0%
9271 TROMSØ
0%
9272 TROMSØ
0%
9273 TROMSØ
0%
9274 TROMSØ
0%
9275 TROMSØ
0%
9276 TROMSØ
0%
9277 TROMSØ
0%
9278 TROMSØ
0%
9279 TROMSØ
0%
9280 TROMSØ
0%
9281 TROMSØ
0%
9282 TROMSØ
0%
9283 TROMSØ
0%
9284 TROMSØ
0%
9285 TROMSØ
0%
9286 TROMSØ
0%
9287 TROMSØ
0%
9288 TROMSØ
0%
9290 TROMSØ
0%
9291 TROMSØ
0%
9292 TROMSØ
0%
9293 TROMSØ
0%
9294 TROMSØ
0%
9296 TROMSØ
0%
9298 TROMSØ
0%
9299 TROMSØ
0%
7003 TRONDHEIM
0%
7004 TRONDHEIM
0%
7005 TRONDHEIM
0%
7006 TRONDHEIM
0%
7010 TRONDHEIM
0%
7011 TRONDHEIM
0%
7012 TRONDHEIM
0%
7013 TRONDHEIM
0%
7014 TRONDHEIM
0%
7015 TRONDHEIM
0%
7016 TRONDHEIM
0%
7017 TRONDHEIM
0%
7018 TRONDHEIM
0%
7019 TRONDHEIM
0%
7020 TRONDHEIM
0%
7021 TRONDHEIM
0%
7022 TRONDHEIM
0%
7023 TRONDHEIM
0%
7024 TRONDHEIM
0%
7025 TRONDHEIM
0%
7026 TRONDHEIM
0%
7027 TRONDHEIM
0%
7028 TRONDHEIM
0%
7029 TRONDHEIM
0%
7030 TRONDHEIM
0%
7031 TRONDHEIM
0%
7032 TRONDHEIM
0%
7033 TRONDHEIM
0%
7034 TRONDHEIM
0%
7035 TRONDHEIM
0%
7036 TRONDHEIM
0%
7037 TRONDHEIM
0%
7038 TRONDHEIM
0%
7039 TRONDHEIM
0%
7040 TRONDHEIM
0%
7041 TRONDHEIM
0%
7042 TRONDHEIM
0%
7043 TRONDHEIM
0%
7044 TRONDHEIM
0%
7045 TRONDHEIM
0%
7046 TRONDHEIM
0%
7047 TRONDHEIM
0%
7048 TRONDHEIM
0%
7049 TRONDHEIM
0%
7050 TRONDHEIM
0%
7051 TRONDHEIM
0%
7052 TRONDHEIM
0%
7061 TRONDHEIM
0%
7066 TRONDHEIM
0%
7067 TRONDHEIM
0%
7068 TRONDHEIM
0%
7069 TRONDHEIM
0%
7071 TRONDHEIM
0%
7400 TRONDHEIM
0%
7401 TRONDHEIM
0%
7402 TRONDHEIM
0%
7403 TRONDHEIM
0%
7404 TRONDHEIM
0%
7405 TRONDHEIM
0%
7406 TRONDHEIM
0%
7407 TRONDHEIM
0%
7408 TRONDHEIM
0%
7409 TRONDHEIM
0%
7410 TRONDHEIM
0%
7411 TRONDHEIM
0%
7412 TRONDHEIM
0%
7413 TRONDHEIM
0%
7414 TRONDHEIM
0%
7415 TRONDHEIM
0%
7416 TRONDHEIM
0%
7417 TRONDHEIM
0%
7418 TRONDHEIM
0%
7419 TRONDHEIM
0%
7420 TRONDHEIM
0%
7421 TRONDHEIM
0%
7422 TRONDHEIM
0%
7424 TRONDHEIM
0%
7425 TRONDHEIM
0%
7427 TRONDHEIM
0%
7428 TRONDHEIM
0%
7429 TRONDHEIM
0%
7430 TRONDHEIM
0%
7431 TRONDHEIM
0%
7432 TRONDHEIM
0%
7433 TRONDHEIM
0%
7434 TRONDHEIM
0%
7435 TRONDHEIM
0%
7436 TRONDHEIM
0%
7437 TRONDHEIM
0%
7438 TRONDHEIM
0%
7439 TRONDHEIM
0%
7440 TRONDHEIM
0%
7441 TRONDHEIM
0%
7442 TRONDHEIM
0%
7443 TRONDHEIM
0%
7444 TRONDHEIM
0%
7445 TRONDHEIM
0%
7446 TRONDHEIM
0%
7447 TRONDHEIM
0%
7448 TRONDHEIM
0%
7449 TRONDHEIM
0%
7450 TRONDHEIM
0%
7451 TRONDHEIM
0%
7452 TRONDHEIM
0%
7453 TRONDHEIM
0%
7454 TRONDHEIM
0%
7455 TRONDHEIM
0%
7456 TRONDHEIM
0%
7457 TRONDHEIM
0%
7458 TRONDHEIM
0%
7459 TRONDHEIM
0%
7462 TRONDHEIM
0%
7463 TRONDHEIM
0%
7464 TRONDHEIM
0%
7465 TRONDHEIM
0%
7466 TRONDHEIM
0%
7467 TRONDHEIM
0%
7468 TRONDHEIM
0%
7469 TRONDHEIM
0%
7470 TRONDHEIM
0%
7471 TRONDHEIM
0%
7472 TRONDHEIM
0%
7473 TRONDHEIM
0%
7474 TRONDHEIM
0%
7475 TRONDHEIM
0%
7476 TRONDHEIM
0%
7477 TRONDHEIM
0%
7478 TRONDHEIM
0%
7479 TRONDHEIM
0%
7480 TRONDHEIM
0%
7481 TRONDHEIM
0%
7482 TRONDHEIM
0%
7483 TRONDHEIM
0%
7484 TRONDHEIM
0%
7485 TRONDHEIM
0%
7486 TRONDHEIM
0%
7487 TRONDHEIM
0%
7488 TRONDHEIM
0%
7489 TRONDHEIM
0%
7490 TRONDHEIM
0%
7491 TRONDHEIM
0%
7492 TRONDHEIM
0%
7493 TRONDHEIM
0%
7494 TRONDHEIM
0%
7495 TRONDHEIM
0%
7496 TRONDHEIM
0%
7497 TRONDHEIM
0%
7498 TRONDHEIM
0%
7892 TRONES
0%
2420 TRYSIL
0%
2421 TRYSIL
0%
3697 TUDDAL
0%
9670 TUFJORD
0%
2555 TUFSINGDALEN
0%
3544 TUNHOVD
0%
8428 TUNSTAD
0%
5365 TURØY
0%
9128 TUSSØY
0%
6590 TUSTNA
0%
6591 TUSTNA
0%
4900 TVEDESTRAND
0%
4901 TVEDESTRAND
0%
4902 TVEDESTRAND
0%
4903 TVEDESTRAND
0%
4904 TVEDESTRAND
0%
4905 TVEDESTRAND
0%
4658 TVEIT
0%
4699 TVEIT
0%
8050 TVERLANDET
0%
8058 TVERLANDET
0%
9537 TVERRELVDALEN
0%
7590 TYDAL
0%
7591 TYDAL
0%
2985 TYINKRYSSET
0%
2510 TYLLDALEN
0%
2500 TYNSET
0%
2501 TYNSET
0%
3532 TYRISTRAND
0%
3533 TYRISTRAND
0%
5680 TYSNES
0%
5696 TYSNES
0%
5650 TYSSE
0%
5651 TYSSE
0%
5284 TYSSEBOTNEN
0%
5770 TYSSEDAL
0%
5565 TYSVÆRVÅG
0%
4463 UALAND
0%
5685 UGGDAL
0%
5695 UGGDAL
0%
3830 ULEFOSS
0%
3831 ULEFOSS
0%
2918 ULNES
0%
9197 ULØYBUKT
0%
5115 ULSET
0%
5116 ULSET
0%
5117 ULSET
0%
5118 ULSET
0%
5119 ULSET
0%
5121 ULSET
0%
6065 ULSTEINVIK
0%
6067 ULSTEINVIK
0%
5730 ULVIK
0%
5731 ULVIK
0%
8276 ULVSVÅG
0%
4342 UNDHEIM
0%
5746 UNDREDAL
0%
3176 UNDRUMSDAL
0%
5427 URANGSVÅG
0%
5463 USKEDALEN
0%
5465 USKEDALEN
0%
3593 USTAOSET
0%
5453 UTÅKER
0%
7142 UTHAUG
0%
5778 UTNE
0%
5779 UTNE
0%
5547 UTSIRA
0%
8725 UTSKARPEN
0%
6797 UTVIK
0%
3632 UVDAL
0%
6996 VADHEIM
0%
6997 VADHEIM
0%
9800 VADSØ
0%
9801 VADSØ
0%
9803 VADSØ
0%
9804 VADSØ
0%
9811 VADSØ
0%
9815 VADSØ
0%
6986 VÆRLANDET
0%
8062 VÆRØY
0%
8063 VÆRØY
0%
2680 VÅGÅ
0%
2684 VÅGÅ
0%
8183 VÅGAHOLMEN
0%
8185 VÅGAHOLMEN
0%
6683 VÅGLAND
0%
6688 VÅGLAND
0%
6387 VÅGSTRANDA
0%
6388 VÅGSTRANDA
0%
5725 VAKSDAL
0%
5726 VAKSDAL
0%
9187 VALANHAMN
0%
8357 VALBERG
0%
6050 VALDERØYA
0%
6058 VALDERØYA
0%
3177 VÅLE
0%
3178 VÅLE
0%
5451 VALEN
0%
1592 VÅLER I ØSTFOLD
0%
1594 VÅLER I ØSTFOLD
0%
2436 VÅLER I SOLØR
0%
5281 VALESTRANDSFOSSEN
0%
5291 VALESTRANDSFOSSEN
0%
5554 VALEVÅG
0%
5734 VALLAVIK
0%
6210 VALLDAL
0%
6211 VALLDAL
0%
4746 VALLE
0%
4747 VALLE
0%
7167 VALLERSUND
0%
2330 VALLSET
0%
2331 VALLSET
0%
8215 VALNESFJORD
0%
8233 VALNESFJORD
0%
6686 VALSØYBOTN
0%
6687 VALSØYFJORD
0%
8830 VANDVE
0%
2974 VANG I VALDRES
0%
2975 VANG I VALDRES
0%
2324 VANG PÅ HEDMARKEN
0%
2329 VANG PÅ HEDMARKEN
0%
6894 VANGSNES
0%
9304 VANGSVIK
0%
9136 VANNAREID
0%
9135 VANNVÅG
0%
9137 VANNVÅG
0%
4557 VANSE
0%
4558 VANSE
0%
4560 VANSE
0%
4209 VANVIK
0%
7125 VANVIKAN
0%
7126 VANVIKAN
0%
5636 VARALDSØY
0%
9820 VARANGERBOTN
0%
9840 VARANGERBOTN
0%
9950 VARDØ
0%
9951 VARDØ
0%
9952 VARDØ
0%
4360 VARHAUG
0%
4368 VARHAUG
0%
6170 VARTDAL
0%
6171 VARTDAL
0%
1735 VARTEIG
0%
6844 VASSENDEN
0%
6847 VASSENDEN
0%
4076 VASSØY
0%
6265 VATNE
0%
6283 VATNE
0%
4730 VATNESTRØM
0%
3108 VEAR
0%
3172 VEAR
0%
3173 VEAR
0%
4276 VEAVÅGEN
0%
4295 VEAVÅGEN
0%
6310 VEBLUNGSNES
0%
8981 VEGA
0%
8982 VEGA
0%
8983 VEGA
0%
8984 VEGA
0%
8986 VEGA
0%
4973 VEGÅRSHEI
0%
4985 VEGÅRSHEI
0%
3627 VEGGLI
0%
3628 VEGGLI
0%
9717 VEIDNES
0%
3144 VEIERLAND
0%
6878 VEITASTROND
0%
8960 VELFJORD
0%
8961 VELFJORD
0%
2632 VENABYGD
0%
9120 VENGSØY
0%
4700 VENNESLA
0%
4701 VENNESLA
0%
4702 VENNESLA
0%
4703 VENNESLA
0%
4706 VENNESLA
0%
4707 VENNESLA
0%
4708 VENNESLA
0%
7650 VERDAL
0%
7651 VERDAL
0%
7652 VERDAL
0%
7653 VERDAL
0%
7654 VERDAL
0%
7655 VERDAL
0%
7656 VERDAL
0%
7657 VERDAL
0%
7658 VERDAL
0%
6330 VERMA
0%
6331 VERMA
0%
7797 VERRABOTN
0%
1540 VESTBY
0%
1541 VESTBY
0%
1542 VESTBY
0%
1543 VESTBY
0%
1544 VESTBY
0%
8412 VESTBYGD
0%
1683 VESTERØY
0%
1684 VESTERØY
0%
3320 VESTFOSSEN
0%
3321 VESTFOSSEN
0%
2233 VESTMARKA
0%
6390 VESTNES
0%
6399 VESTNES
0%
4152 VESTRE ÅMØY
0%
2653 VESTRE GAUSDAL
0%
2654 VESTRE GAUSDAL
0%
9802 VESTRE JAKOBSELV
0%
9810 VESTRE JAKOBSELV
0%
4915 VESTRE SANDØYA
0%
5396 VESTRE VINNESVÅG
0%
2863 VESTSIDA
0%
3142 VESTSKOGEN
0%
1381 VETTRE
0%
1392 VETTRE
0%
6494 VEVANG
0%
8976 VEVELSTAD
0%
8977 VEVELSTAD
0%
7354 VIGGJA
0%
6040 VIGRA
0%
6059 VIGRA
0%
4362 VIGRESTAD
0%
4369 VIGRESTAD
0%
6697 VIHALS
0%
5994 VIKANES
0%
6392 VIKEBUKT
0%
6396 VIKEBUKT
0%
5568 VIKEBYGD
0%
5583 VIKEDAL
0%
5586 VIKEDAL
0%
3370 VIKERSUND
0%
3371 VIKERSUND
0%
4384 VIKESÅ
0%
4389 VIKESÅ
0%
7560 VIKHAMMER
0%
7566 VIKHAMMER
0%
8720 VIKHOLMEN
0%
6891 VIK I SOGN
0%
6893 VIK I SOGN
0%
9057 VIKRAN
0%
6978 VIKSDALEN
0%
6655 VINDØLA
0%
2542 VINGELEN
0%
2607 VINGROM
0%
2621 VINGROM
0%
3887 VINJE
0%
3890 VINJE
0%
7203 VINJEØRA
0%
3893 VINJESVINGEN
0%
2639 VINSTRA
0%
2640 VINSTRA
0%
1407 VINTERBRO
0%
1429 VINTERBRO
0%
6364 VISTDAL
0%
6365 VISTDAL
0%
8870 VISTHUS
0%
7343 VOGNILL
0%
6100 VOLDA
0%
6101 VOLDA
0%
6102 VOLDA
0%
6103 VOLDA
0%
6104 VOLDA
0%
6105 VOLDA
0%
6106 VOLDA
0%
4354 VOLL
0%
1390 VOLLEN
0%
1391 VOLLEN
0%
1393 VOLLEN
0%
5785 VØRINGSFOSS
0%
5544 VORMEDAL
0%
5545 VORMEDAL
0%
2160 VORMSUND
0%
2161 VORMSUND
0%
5700 VOSS
0%
5701 VOSS
0%
5702 VOSS
0%
5703 VOSS
0%
5704 VOSS
0%
5705 VOSS
0%
5706 VOSS
0%
5708 VOSS
0%
5709 VOSS
0%
5714 VOSS
0%
5712 VOSSESTRAND
0%
5713 VOSSESTRAND
0%
1313 VØYENENGA
0%
1314 VØYENENGA
0%
1339 VØYENENGA
0%
3852 VRÅDAL
0%
3853 VRÅDAL
0%
3849 VRÅLIOSEN
0%
7660 VUKU
0%
7661 VUKU
0%
8985 YLVINGEN
0%
5265 YTRE ARNA
0%
8128 YTRE BEIARN
0%
1914 YTRE ENEBAKK
0%
1917 YTRE ENEBAKK
0%
7207 YTRE SNILLFJORD
0%
6927 YTRØYGREND
0%
7629 YTTERØY
0%
7742 YTTERVÅG
0%
1715 YVEN
0%
No matching quizzes found
Score Distribution
Percent of People with Each Score
Percentile by Number Answered
Your Score History
You have not taken this quiz